Statistics for ALL 25k+ cities in Europe (No Map)

Click here to take the quiz!

General Stats

  • This quiz has been taken 488 times
    (486 since last reset)
  • The average score is 353 of 3705

Answer Stats

CountrySubdivision / Stat. RegionPopulationAnswer% Correct
TurkeyIstanbul15,113,808İstanbul
92%
United KingdomLondon9,047,570London
92%
GermanyBerlin3,669,491Berlin
91%
RussiaMoscow City12,480,481Moscow
91%
ItalyLombardy50,053Rho
91%
BelgiumHainaut29,494Ath
89%
UkraineKiev City2,967,360Kiev
89%
RussiaSaint Petersburg5,398,064Saint Petersburg
89%
GermanyHamburg1,847,253Hamburg
88%
SpainMadrid3,334,730Madrid
88%
FranceÎle-de-France2,175,601Paris
88%
HungaryBudapest1,752,286Budapest
87%
BelarusMinsk City2,020,600Minsk
87%
PolandMazovia40,999Mińsk Mazowiecki
87%
ItalyLazio2,808,293Rome
87%
SwedenStockholm1,758,893Stockholm
87%
AustriaWien1,921,153Vienna
87%
SpainCatalonia1,664,182Barcelona
86%
RomaniaBucharest1,883,425Bucharest
86%
FranceÎle-de-France28,041Villiers-le-Bel
86%
PolandMazovia1,790,658Warsaw
86%
NetherlandsNorth Holland1,114,745Amsterdam
85%
UkraineKiev36,284Bucha
85%
DenmarkHovetstaden1,330,993Copenhagen
85%
ItalyLombardy1,406,242Milan
85%
GermanyBavaria1,484,226Munich
85%
SerbiaBelgrade1,166,763Belgrade
84%
NorwayOslo697,010Oslo
84%
CzechiaPrague1,324,277Prague
84%
BulgariaSofia City1,242,568Sofia
84%
United KingdomWest Midlands1,160,254Birmingham
82%
ItalyCampania948,850Naples
82%
SpainValència800,215València
82%
United KingdomScotland629,920Glasgow
81%
FinlandUusimaa653,835Helsinki
81%
UkraineKharkiv1,443,207Kharkiv
81%
United KingdomNorth West England586,889Liverpool
81%
UkraineLviv724,314Lviv
81%
UkraineOdessa1,017,699Odessa
81%
CroatiaZagreb City688,163Zagreb
81%
GreeceAttica664,046Athens
80%
UkraineDonetsk908,456Donetsk
80%
RussiaRostov46,732Donetsk
80%
United KingdomNorth West England563,561Manchester
80%
United KingdomScotland504,020Edinburgh
79%
PolandLesser Poland779,115Krakow
79%
FranceProvence-Alpes-Côte d'Azur868,277Marseille
79%
LatviaRiga627,487Rīga
79%
RussiaRostov1,137,904Rostov-on-Don
79%
NetherlandsSouth Holland829,875Rotterdam
79%
ItalyPiedmont857,910Turin
79%
RussiaVolgograd1,008,998Volgograd
79%
BelgiumAntwerp529,247Antwerp
78%
GermanyNorth Rhine-Westphalia1,087,863Cologne
78%
PolandŁódz679,941Lodz
78%
RussiaYaroslavl30,515Rostov
78%
PortugalLisbon552,700Lisbon
77%
RussiaSamara1,156,659Samara
77%
NetherlandsSouth Holland803,835The Hague
77%
ItalyPiedmont29,592Bra
76%
GermanyBremen567,559Bremen
76%
UkraineDnipropetrovsk990,724Dnepropetrovsk
76%
IrelandLeinster553,165Dublin
76%
GermanyHesse763,380Frankfurt am Main
76%
RussiaPerm1,055,397Perm
76%
LithuaniaVilnius559,250Vilnius
76%
FranceAuvergne-Rhône-Alpes518,635Lyon
75%
RussiaNizhny Novgorod1,252,236Nizhny Novgorod
75%
ItalySicily647,422Palermo
75%
NorwayNordland26,083Rana
75%
SpainAndalusia691,395Sevilla
75%
SwitzerlandZürich420,217Zurich
75%
United KingdomWales354,178Cardiff
74%
ItalyTuscany366,927Florence
74%
SwedenVästra Götaland651,014Gothenburg
74%
RussiaKrasnodar932,629Krasnodar
74%
North MacedoniaSkopje509,900Skopje
74%
SlovakiaBratislava437,726Bratislava
73%
GermanyBrandenburg57,751Frankfurt (Oder)
73%
AlbaniaTirana418,495Tirana
73%
United KingdomYorkshire and the Humber511,164Leeds
72%
RomaniaBuzău33,843Râmnicu Sărat
72%
FranceProvence-Alpes-Côte d'Azur341,032Nice
71%
RussiaSaratov838,042Saratov
71%
GermanyBaden-Württemberg635,911Stuttgart
71%
NetherlandsUtrecht382,520Utrecht
71%
ItalyVeneto258,685Venice
71%
PolandPomerania470,907Gdańsk
70%
SpainBasque Country350,184Bilbao
69%
SerbiaBor34,160Bor
69%
RussiaNizhny Novgorod76,872Bor
69%
GermanySaxony556,780Dresden
69%
GermanyNorth Rhine-Westphalia621,877Dusseldorf
69%
ItalyLiguria565,752Genoa
69%
RussiaVoronezh31,540Novovoronezh
69%
RussiaVoronezh1,058,261Voronezh
69%
United KingdomNorthern Ireland338,160Belfast
68%
MoldovaMoldova532,513Chișinău
68%
United KingdomWest Midlands79,683Newcastle-under-Lyme
68%
United KingdomNorth East England287,535Newcastle upon Tyne
68%
Bosnia and HerzegovinaB&H and RS348,363Sarajevo
68%
FranceNouvelle-Aquitaine257,068Bordeaux
67%
RussiaKaliningrad489,359Kaliningrad
67%
SwedenSkåne321,845Malmö
67%
Russia / UkraineSevastopol403,893Sėvastopol
67%
EstoniaHarju437,619Tallinn
67%
FranceOccitanie486,828Toulouse
67%
BelarusBrest339,700Brest
66%
FranceBretagne139,602Brest
66%
PortugalNorte237,591Porto
66%
ItalyMarche25,646Porto Sant'Elpidio
66%
GreeceCentral Macedonia315,196Thessaloníki
66%
UkraineZaporizhia731,922Zaporizhia
66%
ItalyEmilia-Romagna395,416Bologna
65%
United KingdomSouth West England577,246Bristol
65%
GermanyNorth Rhine-Westphalia588,250Dortmund
65%
SwitzerlandGeneva203,951Geneva
65%
GermanySaxony593,145Leipzig
65%
UkraineLuhansk401,297Luhansk
65%
SpainAndalusia578,460Málaga
65%
SpainMurcia459,403Murcia
65%
GermanyBavaria518,370Nuremberg
65%
United KingdomYorkshire and the Humber164,369York
65%
SwitzerlandBern134,591Bern
64%
BelgiumHainaut95,887Mons
64%
United KingdomYorkshire and the Humber552,143Sheffield
64%
United KingdomNorth East England76,862South Shields
64%
SpainAragón681,877Zaragoza
64%
NorwayVestland285,601Bergen
63%
NetherlandsNorth Brabant50,990Bergen op Zoom
63%
BelgiumBrussels Capital185,103Brussels
63%
GermanyNorth Rhine-Westphalia582,760Essen
63%
GermanyNorth Rhine-Westphalia30,406Haan
63%
SloveniaCentral Slovenia286,745Ljubljana
63%
GermanyLower Saxony536,925Hanover
62%
BulgariaVarna336,216Varna
61%
RussiaYaroslavl608,353Yaroslavl
61%
GermanyNorth Rhine-Westphalia329,673Bonn
60%
RomaniaCluj324,576Cluj-Napoca
60%
BelarusGomel510,300Gomel
60%
RussiaTatarstan1,257,391Kazan
60%
RussiaKursk452,976Kursk
60%
FranceHauts-de-France233,098Lille
60%
United KingdomEast Midlands315,987Nottingham
60%
SpainBalearic Islands422,587Palma
60%
United KingdomSouth East England269,750Southampton
60%
FranceGrand-Est284,677Strasbourg
60%
RussiaTula475,161Tula
60%
RussiaTver425,072Tver
60%
IrelandMunster125,622Cork
59%
RussiaOrenburg572,188Orenburg
59%
AustriaSalzburg155,424Salzburg
59%
ItalyApulia315,284Bari
58%
CzechiaSouth Moravia381,346Brno
58%
LithuaniaKaunas293,257Kaunas
58%
UkraineKherson286,958Kherson
58%
RussiaKirov518,348Kirov
58%
RussiaKaluga29,946Kirov
58%
RussiaMurmansk287,847Murmansk
58%
BulgariaPlovdiv347,851Plovdiv
58%
DenmarkMidtjylland280,534Aarhus
57%
United KingdomScotland198,480Aberdeen
57%
RussiaBelgorod394,142Belgorod
57%
RussiaBryansk402,675Bryansk
57%
United KingdomEast Midlands472,558Leicester
57%
RussiaLipetsk508,573Lipetsk
57%
FrancePays de la Loire314,138Nantes
57%
RussiaPenza520,300Penza
57%
United KingdomSouth West England239,677Plymouth
57%
RussiaStavropol450,680Stavropol
57%
SpainAndalusia233,648Granada
56%
FranceNouvelle-Aquitaine29,683Mont-de-Marsan
56%
United KingdomSouth East England162,291Oxford
56%
PolandLower Silesia642,869Wrocław
56%
BelgiumEast Flanders263,927Ghent
55%
BelarusGrodno356,900Grodno
55%
UkraineMykolaiv480,080Mykolaiv
55%
RussiaRyazan539,290Ryazan
55%
RussiaSmolensk325,495Smolensk
55%
RussiaVladimir356,937Vladimir
55%
RussiaArkhangelsk346,979Arkhangelsk
54%
AustriaStyria291,130Graz
54%
BelgiumLiège197,217Liège
54%
ItalyVeneto259,087Verona
54%
BelarusVitebsk364,800Vitebsk
54%
SwitzerlandBasel-Stadt173,232Basel
53%
United KingdomSouth East England244,917Brighton and Hove
53%
United KingdomEast of England148,861Cambridge
53%
RussiaIvanovo404,598Ivanovo
53%
GermanySchleswig-Holstein246,794Kiel
53%
United KingdomWales185,460Swansea
53%
RussiaAstrakhan529,793Astrakhan
52%
PolandSilesia292,774Katowice
52%
GermanyBaden-Württemberg310,658Mannheim
52%
BelarusMogilev357,100Mogilev
52%
KosovoPriština145,149Priština
52%
IcelandCapital Region228,415Reykjavík
52%
CroatiaSplit-Dalmatia167,121Split
52%
RussiaUlyanovsk627,705Ulyanovsk
52%
RussiaKaluga332,039Kaluga
51%
United KingdomYorkshire and the Humber288,028Kingston upon Hull
51%
CroatiaZagreb31,553Velika Gorica
51%
BelgiumWest Flanders118,656Brugge
50%
RomaniaConstanța283,872Constanța
50%
NetherlandsGroningen213,705Groningen
50%
FranceOccitanie290,053Montpellier
50%
MontenegroPodgorica150,977Podgorica
50%
PolandGreater Poland534,813Poznań
50%
BelgiumLimburg40,672Sint-Truiden
50%
RussiaBashkortostan1,128,787Ufa
50%
AustriaUpper Austria206,552Linz
49%
RussiaOryol308,838Oryol
49%
ItalyTuscany90,036Pisa
49%
United KingdomSouth East England248,929Portsmouth
49%
RussiaKrasnodar443,562Sochi
49%
UkraineVinnytsia370,707Vinnytsia
49%
ItalySicily296,266Catania
48%
NetherlandsNorth Brabant298,795Eindhoven
48%
AustriaTyrol131,042Innsbruck
48%
SpainValència31,681La Vall d'Uixó
48%
United KingdomEast of England197,212Norwich
48%
PolandWest Pomerania401,907Szczecin
48%
ItalyFriuli-Venezia Giulia201,613Trieste
48%
GermanyNorth Rhine-Westphalia248,960Aachen
47%
United KingdomNorth West England44,464Lytham St Annes
47%
RussiaTambov292,140Tambov
47%
RussiaVologda310,302Vologda
47%
FranceBourgogne-Franche-Comté156,854Dijon
46%
RomaniaIași290,422Iași
46%
PolandLubusz339,784Lublin
46%
LuxembourgLuxembourg122,273Luxembourg
46%
UkrainePoltava286,649Poltava
46%
NorwayTrøndelag207,595Trondheim
46%
SpainGalicia247,604A Coruña
45%
GermanyBavaria296,582Augsburg
45%
RomaniaBrașov253,200Brașov
45%
UkraineChernihiv286,899Chernihiv
45%
SpainAndalusia326,039Córdoba
45%
GermanyNorth Rhine-Westphalia498,686Duisburg
45%
SlovakiaKošice238,593Košice
45%
GermanyNorth Rhine-Westphalia315,293Münster
45%
FranceBretagne217,728Rennes
45%
FinlandSouthwest Finland192,962Turku
45%
RussiaNovgorod224,936Veliky Novgorod
45%
SpainValència337,482Alicante
44%
United KingdomWest Midlands382,073Coventry
44%
United KingdomScotland149,010Dundee
44%
ItalyEmilia-Romagna200,455Parma
44%
SwedenUppsala166,049Uppsala
44%
SwitzerlandBern55,602Biel (Bienne)
43%
GermanyMecklenburg-Western Pomerania209,191Rostock
43%
ItalySardinia151,005Cagliari
42%
FranceHauts-de-France72,929Calais
42%
United KingdomNorthern Ireland85,300Derry
42%
FranceNormandie169,733Le Havre
42%
MonacoMonaco37,308Monaco
42%
United KingdomEast Midlands230,031Northampton
42%
UkraineSumy262,119Sumy
42%
FinlandPirkanmaa238,140Tampere
42%
GermanyNorth Rhine-Westphalia334,195Bielefeld
41%
FranceProvence-Alpes-Côte d'Azur73,965Cannes
41%
RomaniaGalați249,432Galați
41%
United KingdomScotland47,190Inverness
41%
RussiaKostroma276,929Kostroma
41%
UkraineDonetsk436,569Mariupol
41%
SerbiaNišava183,164Niš
41%
CzechiaPlzeň174,842Pilsen
41%
GermanyBrandenburg180,334Potsdam
41%
AustriaLower Austria25,818Baden
40%
United KingdomSouth West England103,614Bath
40%
SpainCastile and León124,028León
40%
GermanySchleswig-Holstein216,530Lübeck
40%
GermanyRhineland-Palatinate218,578Mainz
40%
ItalySicily227,424Messina
40%
SerbiaSouth Bačka231,798Novi Sad
40%
GermanySaarland180,374Saarbrücken
40%
SpainGalicia296,692Vigo
40%
GermanyNorth Rhine-Westphalia355,100Wuppertal
40%
DenmarkNordjylland117,351Aalborg
39%
United KingdomNorth West England145,821Blackpool
39%
UkraineCherkasy274,762Cherkasy
39%
FranceÎle-de-France46,154Choisy-le-Roi
39%
United KingdomSouth East England45,013Dover
39%
GermanyBaden-Württemberg231,195Freiburg im Breisgau
39%
SwitzerlandVaud139,408Lausanne
39%
CzechiaMoravia-Silesia287,968Ostrava
39%
FinlandNorth Ostrobothnia205,489Oulu
39%
RomaniaTimiș319,279Timișoara
39%
United KingdomWest Midlands220,873Wolverhampton
39%
SpainBasque Country188,240Donostia
38%
GermanySaxony-Anhalt237,565Magdeburg
38%
United KingdomWest Midlands278,137Stoke-on-Trent
38%
TurkeyTekirdağ174,685Tekirdağ
38%
UkraineZhytomyr264,318Zhytomyr
38%
GermanyNorth Rhine-Westphalia365,587Bochum
37%
United KingdomYorkshire and the Humber366,187Bradford
37%
RussiaChechnya305,911Grozny
37%
BelgiumFlemish Brabant40,182Halle
37%
GermanyBaden-Württemberg312,060Karlsruhe
37%
UkraineKhmelnytskyi273,713Khmelnytskyi
37%
GermanyBaden-Württemberg126,790Ulm
37%
BulgariaBurgas201,779Burgas
36%
ItalyEmilia-Romagna36,267Casalecchio di Reno
36%
United KingdomEast Midlands264,654Derby
36%
CroatiaDubrovnik-Neretva28,434Dubrovnik
36%
FinlandUusimaa289,731Espoo
36%
GermanySaxony40,657Freiberg
36%
United KingdomEast of England148,742Ipswich
36%
GermanyBaden-Württemberg47,201Lahr/Schwarzwald
36%
IrelandMunster58,319Limerick
36%
DenmarkSyddanmark180,302Odense
36%
NorwayVestland38,664Øygarden
36%
RussiaPskov210,340Pskov
36%
UkraineRivne246,003Rivne
36%
FranceProvence-Alpes-Côte d'Azur176,198Toulon
36%
United KingdomSouth West England197,383Bournemouth
35%
SpainAndalusia115,439Cádiz
35%
IrelandConnacht79,504Galway
35%
SpainAsturias271,717Gijón
35%
FranceAuvergne-Rhône-Alpes157,650Grenoble
35%
GermanyBaden-Württemberg161,485Heidelberg
35%
NetherlandsLimburg118,250Maastricht
35%
FranceGrand-Est104,885Nancy
35%
ItalyVeneto210,077Padua
35%
SpainNavarre203,944Pamplona
35%
FranceGrand-Est182,211Reims
35%
PolandKuyavia-Pomerania348,190Bydgoszcz
34%
BelgiumHainaut202,746Charleroi
34%
UkraineChernivtsi267,060Chernivtsi
34%
TurkeyEdirne172,802Edirne
34%
PolandPomerania246,348Gdynia
34%
GermanyNorth Rhine-Westphalia259,645Gelsenkirchen
34%
GreeceCrete140,730Heraklion
34%
FranceNormandie111,360Rouen
34%
ItalySicily119,056Syracuse
34%
HungaryHajdú-Bihar201,432Debrecen
33%
United KingdomSouth West England125,819Exeter
33%
SpainCatalonia103,369Girona
33%
FranceGrand-Est116,581Metz
33%
GermanyNorth Rhine-Westphalia261,034Mönchengladbach
33%
SpainMadrid91,224San Sebastián de los Reyes
33%
United KingdomNorth East England174,807Sunderland
33%
SpainCastile and León299,265Valladolid
33%
FranceProvence-Alpes-Côte d'Azur91,729Avignon
32%
PortugalNorte136,885Braga
32%
United KingdomNorth East England177,354Middlesbrough
32%
ItalyEmilia-Romagna171,084Reggio nell'Emilia
32%
SpainCastile-la Mancha85,811Toledo
32%
ItalyTrentino-South Tyrol120,641Trento
32%
FranceBretagne70,817Ajaccio
31%
FranceNormandie105,512Caen
31%
FranceHauts-de-France86,865Dunkerque
31%
NetherlandsNorth Holland204,570Haarlem
31%
LithuaniaKlaipėda149,046Klaipėda
31%
FrancePays de la Loire143,252Le Mans
31%
ItalyEmilia-Romagna189,013Modena
31%
PolandLublin38,645Nowa Sól
31%
FranceCentre-Val de Loire116,238Orléans
31%
ItalyCalabria174,885Reggio di Calabria
31%
BulgariaRousse141,231Rousse
31%
SpainCantabria173,375Santander
31%
ItalyTuscany54,308Siena
31%
UkraineTernopil223,462Ternopil
31%
NorwayTroms og Finnmark77,095Tromsø
31%
ItalyLombardy120,783Bergamo
30%
GermanySaxony246,334Chemnitz
30%
AlbaniaDurrës113,249Durrës
30%
GermanyThuringia213,981Erfurt
30%
CzechiaÚstí66,034Most
30%
United KingdomSouth East England229,482Reading
30%
Russia / UkraineCrimea342,054Simferopol
30%
FranceÎle-de-France85,205Versailles
30%
GermanyLower Saxony124,371Wolfsburg
30%
NetherlandsNorth Brabant154,880Breda
29%
GermanyBremen113,643Bremerhaven
29%
ItalyLombardy196,340Brescia
29%
GermanyLower Saxony249,406Brunswick
29%
United KingdomNorth West England87,983Chester
29%
United KingdomNorth East England37,683Chester-le-Street
29%
United KingdomEast of England221,502Luton
29%
SloveniaDrava96,211Maribor
29%
United KingdomWales136,078Newport
29%
United KingdomSouth East England25,844Newport
29%
NorwayRogaland144,147Stavanger
29%
FranceCentre-Val de Loire136,463Tours
29%
GermanyHesse278,474Wiesbaden
29%
AustriaCarinthia25,033Wolfsberg
29%
SpainAndalusia201,322Almería
28%
PortugalAlgarve47,575Faro
28%
GermanyNorth Rhine-Westphalia179,916Hamm
28%
GermanyHesse202,137Kassel
28%
United KingdomEast Midlands106,415Lincoln
28%
RussiaLeningrad34,619Luga
28%
FranceOccitanie149,633Nîmes
28%
GermanyLower Saxony169,077Oldenburg
28%
SpainAsturias219,910Oviedo
28%
RomaniaMureș33,281Reghin
28%
United KingdomNorth West England138,206Sale
28%
GermanyBaden-Württemberg40,538Schwäbisch Hall
28%
EstoniaTartu92,972Tartu
28%
NetherlandsNorth Brabant37,055Uden / Volkel
28%
United KingdomWest Midlands102,791Worcester
28%
PolandPodlachia297,554Białystok
27%
GermanyBrandenburg72,184Brandenburg an der Havel
27%
GermanyNorth Rhine-Westphalia163,729Leverkusen
27%
United KingdomSouth East England184,824Milton Keynes
27%
GermanyBavaria153,094Regensburg
27%
SpainCastile and León144,825Salamanca
27%
ItalyApulia191,050Taranto
27%
MoldovaTransnistria133,807Tiraspol
27%
SpainCatalonia47,630Vic
27%
FranceHauts-de-France133,891Amiens
26%
Bosnia and HerzegovinaRepublika Srpska135,059Banja Luka
26%
GermanySaxony-Anhalt238,762Halle (Saale)
26%
UkraineKirovohrad225,339Kropyvnytskyi
26%
FrancePays de la Loire54,766La Roche-sur-Yon
26%
NetherlandsSouth Holland270,225Leiden
26%
RussiaDagestan603,518Makhachkala
26%
Bosnia and HerzegovinaHerzegovina-Neretva60,195Mostar
26%
BelgiumNamur111,432Namur
26%
CzechiaOlomouc100,663Olomouc
26%
SwedenÖrebro125,817Örebro
26%
KosovoPeja48,962Peja
26%
SpainGalicia97,848Santiago de Compostela
26%
SpainCatalonia136,496Tarragona
26%
NetherlandsNorth Brabant213,055Tilburg
26%
RussiaSamara699,429Tolyatti
26%
GermanyRhineland-Palatinate111,528Trier
26%
RomaniaArad159,074Arad
25%
SerbiaSouth Bačka28,239Bačka Palanka
25%
United KingdomNorth West England120,932Blackburn
25%
United KingdomNorth West England205,411Bolton
25%
FranceAuvergne-Rhône-Alpes146,734Clermont-Ferrand
25%
PortugalCentro105,842Coimbra
25%
United KingdomSouth West England147,509Gloucester
25%
GermanyThuringia111,343Jena
25%
SpainAndalusia213,105Jerez de la Frontera
25%
UkraineDnipropetrovsk619,278Kryvyi Rih
25%
FinlandPäijänne Tavastia119,823Lahti
25%
FranceNouvelle-Aquitaine131,479Limoges
25%
ItalyTuscany157,017Livorno
25%
ItalyEmilia-Romagna158,247Ravenna
25%
CroatiaPrimorje-Gorski Kotar128,384Rijeka
25%
FranceAuvergne-Rhône-Alpes173,089Saint-Étienne
25%
FranceAuvergne-Rhône-Alpes29,993Aix-les-Bains
24%
FrancePays de la Loire154,508Angers
24%
NetherlandsGelderland110,245Arnhem
24%
RomaniaBrăila180,302Brăila
24%
United KingdomSouth East England63,637Canterbury
24%
United KingdomEast of England138,131Colchester
24%
HungaryGyőr-Moson-Sopron132,038Győr
24%
UkraineIvano-Frankivsk237,686Ivano-Frankivsk
24%
RussiaKirov69,835Kirovo-Chepetsk
24%
NetherlandsGelderland161,000Nijmegen
24%
GermanyNorth Rhine-Westphalia210,764Oberhausen
24%
PolandOpole128,035Opole
24%
GermanyLower Saxony165,251Osnabrück
24%
GreeceWest Greece167,446Patras
24%
United KingdomEast of England178,805Peterborough
24%
ItalyEmilia-Romagna149,335Rimini
24%
FranceNormandie28,500Saint-Étienne-du-Rouvray
24%
FranceAuvergne-Rhône-Alpes38,398Saint-Martin-d'Hères
24%
FranceProvence-Alpes-Côte d'Azur143,097Aix-en-Provence
23%
ItalyPiedmont31,516Alba
23%
SpainCastile and León176,418Burgos
23%
ItalyLombardy85,543Como
23%
GermanyHesse159,878Darmstadt
23%
BelgiumLimburg66,447Genk
23%
GermanyBavaria137,392Ingolstadt
23%
GermanyRhineland-Palatinate114,052Koblenz
23%
United KingdomNorth West England51,932Lancaster
23%
SpainCatalonia269,382L'Hospitalet de Llobregat
23%
ItalyTuscany88,734Lucca
23%
SwitzerlandTicino62,615Lugano
23%
BelgiumAntwerp37,022Mol
23%
United KingdomNorth West England99,760Preston
23%
United KingdomEast of England185,111Southend-on-Sea
23%
SpainBasque Country253,996Vitoria-Gasteiz
23%
ItalySicily62,524Vittoria
23%
CroatiaZadar71,471Zadar
23%
United KingdomSouth East England31,963Deal
22%
ItalyEmilia-Romagna132,899Ferrara
22%
SpainMadrid185,180Getafe
22%
SwedenJönköping100,299Jönköping
22%
ItalyApulia93,865Lecce
22%
NorwayInnlandet28,493Lillehammer
22%
SwedenÖstergötland117,898Linköping
22%
SwitzerlandLucerne82,257Luzern
22%
FranceOccitanie119,188Perpignan
22%
United KingdomScotland46,960Perth
22%
SpainCatalonia106,168Reus
22%
RomaniaSibiu147,245Sibiu
22%
SwitzerlandSt. Gallen76,090St. Gallen
22%
GermanyBavaria127,934Würzburg
22%
NetherlandsOverijssel97,370Zwolle
22%
NetherlandsNorth Holland101,825Alkmaar
21%
ItalyMarche99,077Ancona
21%
SpainValència234,765Elche
21%
NetherlandsOverijssel147,850Enschede
21%
United KingdomYorkshire and the Humber171,809Huddersfield
21%
SpainAndalusia143,837Huelva
21%
AustriaCarinthia101,779Klagenfurt am Wörthersee
21%
GermanyHesse35,514Limburg an der Lahn
21%
FranceGrand-Est108,942Mulhouse
21%
GermanyNorth Rhine-Westphalia151,633Paderborn
21%
ItalyCampania131,556Salerno
21%
ItalyFriuli-Venezia Giulia100,170Udine
21%
NorwayNordland52,560Bodø
20%
ItalyTrentino-South Tyrol107,843Bolzano
20%
United KingdomNorth West England74,889Carlisle
20%
GermanyBrandenburg99,678Cottbus
20%
United KingdomYorkshire and the Humber116,834Doncaster
20%
SwedenSkåne112,496Helsingborg
20%
GermanyRhineland-Palatinate100,030Kaiserslautern
20%
CzechiaLiberec104,802Liberec
20%
SpainAndalusia147,633Marbella
20%
HungaryBaranya142,873Pécs
20%
ItalyAbruzzo119,862Pescara
20%
GreeceSouth Aegean49,541Rhodes City
20%
GermanyBavaria25,238Roth
20%
FranceÎle-de-France112,091Saint-Denis
20%
HungaryCsongrád160,766Szeged
20%
FinlandUusimaa233,775Vantaa
20%
IrelandMunster48,369Waterford
20%
NetherlandsFlevoland177,045Almere
19%
RomaniaBacău144,307Bacău
19%
GermanyBaden-Württemberg55,185Baden-Baden
19%
ItalyApulia84,465Brindisi
19%
RomaniaDolj269,506Craiova
19%
LatviaLatgalia82,046Daugavpils
19%
United KingdomNorth East England55,507Durham
19%
GermanySchleswig-Holstein90,164Flensburg
19%
GermanyLower Saxony118,911Göttingen
19%
GermanyBaden-Württemberg84,911Konstanz
19%
GreeceThessaly144,651Larissa
19%
FranceNouvelle-Aquitaine76,114La Rochelle
19%
ItalyLombardy124,840Monza
19%
SwedenÖstergötland97,979Norrköping
19%
ItalyUmbria164,880Perugia
19%
CroatiaIstria57,460Pula
19%
FinlandLapland63,042Rovaniemi
19%
SwedenVästerbotten90,812Umeå
19%
United KingdomEast of England141,651Watford
19%
United KingdomWales61,269Wrexham
19%
FranceÎle-de-France35,101Athis-Mons
18%
United KingdomNorth West England83,364Burnley
18%
ItalyCampania26,174Castel Volturno
18%
CzechiaKarlovy Vary31,977Cheb
18%
United KingdomGibraltar33,573Gibraltar
18%
RussiaUdmurtia648,146Izhevsk
18%
GermanyNorth Rhine-Westphalia37,596Kamp-Lintfort
18%
GermanyNorth Rhine-Westphalia227,417Krefeld
18%
NorwayAgder112,588Kristiansand
18%
CroatiaOsijek-Baranja84,104Osijek
18%
NetherlandsNorth Brabant162,165's-Hertogenbosch
18%
United KingdomSouth East England164,770Slough
18%
GermanyNorth Rhine-Westphalia159,245Solingen
18%
United KingdomSouth West England192,408Swindon
18%
United KingdomNorth West England107,732Wigan
18%
GermanyBaden-Württemberg68,393Aalen
17%
GermanyNorth Rhine-Westphalia52,503Ahlen
17%
SpainCastile-la Mancha174,336Albacete
17%
FranceOccitanie40,802Alès
17%
NetherlandsUtrecht153,420Amersfoort
17%
FranceAuvergne-Rhône-Alpes128,199Annecy
17%
NetherlandsGelderland140,210Apeldoorn
17%
SpainCatalonia223,166Badalona
17%
SpainMurcia216,108Cartagena
17%
FranceNormandie79,144Cherbourg-en-Cotentin
17%
NetherlandsSouth Holland221,235Dordrecht
17%
ItalyApulia149,673Foggia
17%
United KingdomYorkshire and the Humber88,323Grimsby
17%
FinlandCentral Finland142,400Jyväskylä
17%
Russia / UkraineCrimea151,548Kerch
17%
FinlandNorth Savonia119,282Kuopio
17%
SpainCatalonia140,403Lleida
17%
GermanyRhineland-Palatinate172,253Ludwigshafen am Rhein
17%
SlovakiaNitra76,533Nitra
17%
GermanyHesse130,280Offenbach am Main
17%
RussiaKarelia281,023Petrozavodsk
17%
GreeceAttica163,688Piraeus
17%
ItalyTuscany194,223Prato
17%
FranceBretagne63,166Quimper
17%
MaltaNorth32,204San Pawl Il-Baħar
17%
PortugalLisbon98,131Setúbal
17%
Russia / UkraineCrimea79,056Yalta
17%
GermanySaxony88,690Zwickau
17%
SpainExtremadura150,984Badajoz
16%
United KingdomYorkshire and the Humber98,924Barnsley
16%
SpainValència174,264Castelló de la Plana
16%
PolandSilesia220,433Częstochowa
16%
GermanyBavaria128,497Fürth
16%
GermanyNorth Rhine-Westphalia188,686Hagen
16%
United KingdomWest Midlands63,783Hereford
16%
SpainAndalusia112,757Jaén
16%
SwedenKalmar41,110Kalmar
16%
ItalyLiguria92,550La Spezia
16%
FranceHauts-de-France31,606Lens
16%
BelgiumFlemish Brabant102,275Leuven
16%
United KingdomNorth West England108,606Oldham
16%
FranceNouvelle-Aquitaine76,275Pau
16%
United KingdomSouth West England159,449Poole
16%
CzechiaÚstí92,716Ústí nad Labem
16%
GermanyThuringia65,228Weimar
16%
GermanyRhineland-Palatinate83,542Worms
16%
GermanyBavaria77,373Bamberg
15%
United KingdomEast of England93,378Bedford
15%
GermanyNorth Rhine-Westphalia111,846Bergisch Gladbach
15%
FranceBourgogne-Franche-Comté116,775Besançon
15%
FranceÎle-de-France121,334Boulogne-Billancourt
15%
FranceHauts-de-France40,664Boulogne-sur-Mer
15%
CzechiaKarlovy Vary48,479Carlsbad
15%
FranceÎle-de-France30,053Charenton-le-Pont
15%
PolandLubusz61,932Chełm
15%
FranceGrand-Est68,703Colmar
15%
United KingdomSouth East England114,809Eastbourne
15%
GermanyThuringia93,125Gera
15%
GermanyBavaria45,825Hof
15%
BelgiumWest Flanders71,647Ostend
15%
SlovakiaPrešov88,464Prešov
15%
KosovoPrizren85,119Prizren
15%
United KingdomYorkshire and the Humber111,481Rotherham
15%
RomaniaSatu Mare102,411Satu Mare
15%
GermanyMecklenburg-Western Pomerania95,653Schwerin
15%
RussiaChechnya55,076Shali
15%
AlbaniaShkodër76,000Shkodër
15%
United KingdomEast of England87,749St Albans
15%
BulgariaStara Zagora134,726Stara Zagora
15%
United KingdomScotland37,800Stirling
15%
PolandKuyavia-Pomerania201,447Toruń
15%
ItalyVeneto109,855Vicenza
15%
RussiaNorth Ossetia-Alania303,597Vladikavkaz
15%
United KingdomSouth East England48,603Winchester
15%
SpainValència70,450Benidorm
14%
RussiaChuvashia497,618Cheboksary
14%
United KingdomSouth West England117,073Cheltenham
14%
DenmarkSyddanmark72,037Esbjerg
14%
GermanyBaden-Württemberg126,592Heilbronn
14%
PolandHoly Cross194,852Kielce
14%
ItalyLazio127,037Latina
14%
NetherlandsFriesland92,460Leeuwarden
14%
SwedenNorrbotten48,749Luleå
14%
SwedenSkåne94,006Lund
14%
RussiaMordovia320,612Saransk
14%
ItalySardinia125,273Sassari
14%
LithuaniaŠiauliai101,862Šiauliai
14%
BelgiumFlemish Brabant34,621Sint-Pieters-Leeuw
14%
FranceGrand-Est61,996Troyes
14%
FinlandOstrobothnia67,636Vaasa
14%
SwedenVästmanland127,799Västerås
14%
NetherlandsLimburg83,480Venlo / Blerick / Tegelen
14%
PortugalNorte28,636Vila do Conde
14%
AlbaniaVlorë79,513Vlorë
14%
United KingdomNorth West England172,684Warrington
14%
NetherlandsOverijssel67,180Almelo
13%
BelgiumBrussels Capital120,887Anderlecht
13%
ItalyAosta Valley33,916Aosta
13%
United KingdomEast Midlands46,092Boston
13%
United KingdomNorth West England80,300Bury
13%
United KingdomEast of England41,554Bury St Edmunds
13%
RomaniaBuzău115,494Buzău
13%
TurkeyTekirdağ288,692Çorlu
13%
NorwayViken101,859Drammen
13%
GermanyBavaria112,528Erlangen
13%
SwedenGävleborg77,699Gävle
13%
NetherlandsSouth Holland72,010Gouda
13%
SerbiaŠumadija150,835Kragujevac
13%
UkraineVolhynia217,315Lutsk
13%
ItalyCampania35,848Melito di Napoli
13%
HungaryBorsod-Abaúj-Zemplén154,521Miskolc
13%
RussiaTatarstan533,839Naberezhnye Chelny
13%
SwitzerlandNeuchâtel33,493Neuchâtel
13%
GermanyNorth Rhine-Westphalia153,896Neuss
13%
RussiaKrasnodar274,956Novorossiysk
13%
PolandLesser Poland33,293Nowy Targ
13%
CzechiaPardubice91,727Pardubice
13%
EstoniaPärnu39,605Pärnu
13%
GermanyBavaria52,803Passau
13%
ItalyEmilia-Romagna104,260Piacenza
13%
BulgariaPleven95,086Pleven
13%
RomaniaPrahova209,945Ploiești
13%
FranceNouvelle-Aquitaine88,665Poitiers
13%
PolandMazovia211,371Radom
13%
DenmarkSjælland51,262Roskilde
13%
SpainCatalonia216,520Sabadell
13%
United KingdomSouth West England46,292Salisbury
13%
GermanyNorth Rhine-Westphalia102,770Siegen
13%
RomaniaSuceava92,121Suceava
13%
SpainCatalonia223,627Terrassa
13%
ItalyCampania41,355Torre Annunziata
13%
ItalyCampania83,044Torre del Greco
13%
SpainMurcia36,464Torre-Pacheco
13%
SwitzerlandZürich113,173Winterthur
13%
ItalyTuscany98,259Arezzo
12%
FranceProvence-Alpes-Côte d'Azur51,031Arles
12%
BelgiumFlemish Brabant33,505Asse
12%
FranceBourgogne-Franche-Comté34,764Auxerre
12%
UkraineDonetsk73,212Bakhmut
12%
United KingdomNorthern Ireland63,290Bangor
12%
SlovakiaBanská Bystrica78,084Banská Bystrica
12%
FranceNouvelle-Aquitaine25,532Biarritz
12%
RomaniaBotoșani106,847Botoșani
12%
GermanyNorth Rhine-Westphalia117,565Bottrop
12%
FranceOccitanie46,513Carcassonne
12%
United KingdomIsle of Man26,997Douglas
12%
NetherlandsDrenthe52,060Emmen
12%
SwitzerlandLucerne31,043Emmen
12%
RussiaSaratov227,049Engels
12%
ItalyEmilia-Romagna118,292Forlì
12%
GermanyNorth Rhine-Westphalia156,449Herne
12%
SpainAragón53,956Huesca
12%
TurkeyKırklareli79,038Kırklareli
12%
SloveniaCoastal-Karst25,753Koper
12%
NetherlandsFlevoland73,510Lelystad
12%
United KingdomSouth East England119,905Maidstone
12%
ItalyLombardy48,835Mantua
12%
UkraineZaporizhia151,948Melitopol
12%
GermanyNorth Rhine-Westphalia170,632Mülheim an der Ruhr
12%
EstoniaIda-Viru54,409Narva
12%
RomaniaBihor196,367Oradea
12%
GermanyBaden-Württemberg125,957Pforzheim
12%
FinlandSatakunta83,934Pori
12%
United KingdomSouth East England61,284Royal Tunbridge Wells
12%
PolandSubcarpathia196,208Rzeszów
12%
FranceBretagne46,478Saint-Malo
12%
FinlandSouthwest Finland51,833Salo
12%
ItalyLiguria52,622Sanremo
12%
United KingdomNorth West England111,694Stockport
12%
SerbiaNorth Bačka97,910Subotica
12%
ItalyUmbria110,003Terni
12%
SlovakiaTrenčín55,383Trenčín
12%
ItalyVeneto85,456Treviso
12%
GermanyBaden-Württemberg91,506Tübingen
12%
Bosnia and HerzegovinaTuzla74,457Tuzla
12%
FranceAuvergne-Rhône-Alpes150,659Villeurbanne
12%
United KingdomWest Midlands78,982West Bromwich
12%
GermanyNorth Rhine-Westphalia96,459Witten
12%
United KingdomSouth East England107,854Woking
12%
SlovakiaŽilina80,727Žilina
12%
NetherlandsDrenthe65,695Assen
11%
FranceNouvelle-Aquitaine51,411Bayonne
11%
GermanyBavaria74,783Bayreuth
11%
United KingdomNorth West England145,775Birkenhead
11%
United KingdomEast of England118,759Chelmsford
11%
GermanyNorth Rhine-Westphalia91,216Düren
11%
AlbaniaElbasan78,703Elbasan
11%
SwitzerlandFribourg38,197Fribourg
11%
SpainCastile-la Mancha87,484Guadalajara
11%
United KingdomYorkshire and the Humber92,923Halifax
11%
United KingdomSouth East England93,539Hastings
11%
CzechiaHradec Králové92,939Hradec Králové
11%
NetherlandsOverijssel32,195Kampen
11%
SwedenVärmland68,558Karlstad
11%
RussiaMoscow259,550Khimki
11%
ItalyAbruzzo70,019L'Aquila
11%
SpainLa Rioja152,485Logroño
11%
ItalyEmilia-Romagna31,854Lugo
11%
SpainGalicia98,519Lugo
11%
GermanyHesse77,129Marburg
11%
ItalyTuscany67,579Massa
11%
RussiaKabardino-Balkaria239,583Nalchik
11%
NetherlandsNorth Brabant56,930Oss
11%
RomaniaArgeș155,383Pitești
11%
GermanyNorth Rhine-Westphalia111,397Recklinghausen
11%
GermanyBaden-Württemberg115,865Reutlingen
11%
United KingdomSouth East England66,505Rochester
11%
United KingdomNorth West England122,657Salford
11%
AustriaLower Austria55,878Sankt Pölten
11%
ItalyApulia49,496San Severo
11%
United KingdomWest Midlands76,621Shrewsbury
11%
GermanyNorth Rhine-Westphalia47,514Soest
11%
NetherlandsUtrecht37,915Soest
11%
United KingdomNorth West England105,127St Helens
11%
United KingdomWest Midlands152,222Telford
11%
FranceHauts-de-France43,405Valenciennes
11%
DenmarkSyddanmark57,655Vejle
11%
PortugalNorte186,502Vila Nova de Gaia
11%
AustriaCarinthia63,265Villach
11%
RussiaLeningrad75,355Vyborg
11%
United KingdomWest Midlands73,224Walsall
11%
GermanyLower Saxony76,089Wilhelmshaven
11%
Bosnia and HerzegovinaZenica-Doboj70,553Zenica
11%
CzechiaZlín74,935Zlín
11%
NetherlandsSouth Holland124,065Zoetermeer
11%
SwitzerlandZug30,618Zug
11%
SpainAndalusia75,533Alcalá de Guadaíra
10%
SpainMadrid197,562Alcalá de Henares
10%
SpainMadrid172,384Alcorcón
10%
ItalyPiedmont92,876Alessandria
10%
SpainAndalusia123,078Algeciras
10%
PortugalLisbon175,136Amadora
10%
ItalyPiedmont75,051Asti
10%
RussiaMoscow507,366Balashikha
10%
MoldovaMoldova97,930Bălți
10%
United KingdomWales57,920Barry
10%
FranceBretagne48,044Bastia
10%
PolandPodlachia25,262Bielsk Podlaski
10%
Bosnia and HerzegovinaBrčko39,893Brčko
10%
ItalyCalabria87,397Catanzaro
10%
GreeceCrete53,910Chanía
10%
United KingdomEast Midlands89,469Chesterfield
10%
United KingdomSouth East England31,730Chichester
10%
ItalyCalabria65,623Cosenza
10%
United KingdomSouth East England112,198Crawley
10%
SpainAndalusia135,050Dos Hermanas
10%
United KingdomWest Midlands84,813Dudley
10%
United KingdomScotland33,350Dumfries
10%
NetherlandsGelderland70,195Ede
10%
GermanyLower Saxony49,913Emden
10%
United KingdomScotland35,670Falkirk
10%
GermanyHesse68,635Fulda
10%
PolandSilesia178,603Gliwice
10%
GermanySaxony55,980Görlitz
10%
GermanyHesse96,492Hanau
10%
NetherlandsFriesland31,115Heerenveen
10%
NetherlandsLimburg169,560Heerlen
10%
NetherlandsOverijssel55,320Hengelo
10%
GermanyLower Saxony101,693Hildesheim
10%
NetherlandsNorth Holland84,585Hilversum
10%
UkraineDonetsk242,224Horlivka
10%
GreeceEpirus65,574Ioánnina
10%
BelgiumWest Flanders77,109Kortrijk
10%
UkraineDonetsk152,120Kramatorsk
10%
SpainMadrid191,114Leganés
10%
UkraineDonetsk341,362Makiivka
10%
United KingdomEast Midlands82,698Mansfield
10%
NetherlandsZealand39,635Middelburg
10%
GermanyNorth Rhine-Westphalia103,902Moers
10%
FranceOccitanie55,375Narbonne
10%
GermanyBavaria58,978Neu-Ulm
10%
ItalyPiedmont103,287Novara
10%
North MacedoniaSouthwest38,840Ohrid
10%
PolandWarmia-Masuria171,979Olsztyn
10%
SpainGalicia105,643Ourense
10%
United KingdomNorth West England113,893Rochdale
10%
BulgariaSliven84,985Sliven
10%
HungaryGyőr-Moson-Sopron62,671Sopron
10%
PolandSilesia199,974Sosnowiec
10%
United KingdomWest Midlands30,543Stratford-upon-Avon
10%
United KingdomSouth West England51,339Torquay
10%
FranceAuvergne-Rhône-Alpes64,726Valence
10%
United KingdomYorkshire and the Humber107,546Wakefield
10%
United KingdomWest Midlands34,166Warwick
10%
AustriaLower Austria46,478Wiener Neustadt
10%
RussiaMari El274,715Yoshkar-Ola
10%
FranceOccitanie29,090Agde
9%
FranceProvence-Alpes-Côte d'Azur72,915Antibes
9%
RomaniaMaramureș123,738Baia Mare
9%
ItalyCampania58,338Benevento
9%
FranceOccitanie77,599Béziers
9%
North MacedoniaPelagonia71,350Bitola
9%
FranceAuvergne-Rhône-Alpes41,248Bourg-en-Bresse
9%
CzechiaSouth Bohemia94,463Budweis
9%
PolandSilesia165,263Bytom
9%
GreecePeloponnese30,176Corinth
9%
ItalyLombardy72,399Cremona
9%
RussiaDagestan125,832Derbent
9%
RussiaKalmykia103,122Èlista
9%
HungaryPest68,211Érd
9%
ItalyTuscany81,912Grosseto
9%
GermanyNorth Rhine-Westphalia100,861Gütersloh
9%
United KingdomScotland54,400Hamilton
9%
United KingdomSouth East England123,813High Wycombe
9%
ItalyEmilia-Romagna70,588Imola
9%
LatviaCourland68,535Liepāja
9%
FranceBretagne57,084Lorient
9%
GermanyBaden-Württemberg93,584Ludwigsburg
9%
GermanyLower Saxony75,711Lüneburg
9%
GermanyMecklenburg-Western Pomerania63,761Neubrandenburg
9%
NorwayViken60,034Nordre Follo
9%
ItalySardinia60,154Olbia
9%
United KingdomScotland77,560Paisley
9%
LithuaniaPanevėžys84,587Panevėžys
9%
BelarusBrest126,300Pinsk
9%
RussiaMoscow308,130Podolsk
9%
ItalySicily71,438Ragusa
9%
RomaniaVâlcea98,776Râmnicu Vâlcea
9%
NetherlandsLimburg47,070Roermond / Herten / Merum
9%
GermanySchleswig-Holstein25,416Schleswig
9%
United KingdomYorkshire and the Humber83,583Scunthorpe
9%
SpainCastile and León52,057Segovia
9%
United KingdomWest Midlands127,898Solihull
9%
GermanyMecklenburg-Western Pomerania59,418Stralsund
9%
RussiaKomi244,403Syktyvkar
9%
SlovakiaTrnava65,033Trnava
9%
UkraineTranscarpathia115,512Uzhhorod
9%
SwedenKronoberg70,489Växjö
9%
PortugalNorte34,843Vila Nova de Famalicão
9%
SpainCatalonia67,733Vilanova i la Geltrú
9%
United KingdomSouth East England115,191Worthing
9%
FranceOccitanie48,993Albi
8%
NorwayMøre og Romsdal66,670Ålesund
8%
FranceHauts-de-France41,555Arras
8%
GermanyBavaria71,002Aschaffenburg
8%
PortugalCentro60,058Aveiro
8%
United KingdomScotland46,810Ayr
8%
BelarusMogilev212,200Babruysk
8%
BelarusMinsk140,700Barysaw
8%
United KingdomSouth East England114,402Basingstoke
8%
AlbaniaBerat36,496Berat
8%
PolandSilesia170,663Bielsko-Biała
8%
AustriaVorarlberg29,524Bregenz
8%
United KingdomWest Midlands77,536Burton upon Trent
8%
SloveniaSavinja37,872Celje
8%
ItalyEmilia-Romagna97,465Cesena
8%
FranceCentre-Val de Loire38,426Chartres
8%
RussiaVologda314,834Cherepovets
8%
PolandSilesia107,807Chorzów
8%
SpainCastile-la Mancha75,504Ciudad Real
8%
ItalyCalabria61,005Crotone
8%
GermanyLower Saxony48,164Cuxhaven
8%
GermanyBavaria47,721Dachau
8%
United KingdomNorth East England93,305Darlington
8%
NetherlandsOverijssel82,780Deventer
8%
BulgariaDobrich82,240Dobrich
8%
PolandWarmia-Masuria119,317Elbląg
8%
SwedenSödermanland75,902Eskilstuna
8%
GermanyBaden-Württemberg94,145Esslingen am Neckar
8%
PortugalAlentejo41,898Évora
8%
GermanyBaden-Württemberg61,283Friedrichshafen
8%
SpainMadrid194,514Fuenlabrada
8%
United KingdomNorth East England122,249Gateshead
8%
GermanyHesse89,802Gießen
8%
United KingdomSouth East England108,584Gillingham
8%
GermanyMecklenburg-Western Pomerania59,232Greifswald
8%
PortugalNorte47,588Guimarães
8%
United KingdomYorkshire and the Humber74,152Harrogate
8%
BelgiumLimburg78,714Hasselt
8%
NetherlandsNorth Holland72,590Hoorn
8%
BulgariaKhaskovo69,219Khaskovo
8%
GermanyNorth Rhine-Westphalia52,388Kleve
8%
FinlandKymenlaakso52,126Kotka
8%
UkrainePoltava219,022Kremenchuk
8%
BelgiumAntwerp86,921Mechelen
8%
KosovoMitrovica46,230Mitrovica
8%
BelgiumBrussels Capital97,979Molenbeek-Saint-Jean
8%
RussiaTatarstan240,020Nizhnekamsk
8%
FranceÎle-de-France68,126Noisy-le-Grand
8%
SwedenJämtland53,996Östersund
8%
PolandMazovia119,425Płock
8%
GermanyBavaria63,551Rosenheim
8%
FranceHauts-de-France98,089Roubaix
8%
United KingdomYorkshire and the Humber61,835Scarborough
8%
BulgariaShumen75,442Shumen
8%
UkraineLuhansk102,396Sievierodonetsk
8%
United KingdomNorth West England93,902Southport
8%
RussiaBashkortostan276,394Sterlitamak
8%
United KingdomEast of England94,081Stevenage
8%
United KingdomEast Midlands48,527Sutton-in-Ashfield
8%
HungaryJász-Nagykun-Szolnok71,285Szolnok
8%
RussiaRostov248,643Taganrog
8%
RomaniaMureș134,290Târgu Mureș
8%
PolandLesser Poland108,470Tarnów
8%
ItalySicily65,841Trapani
8%
FranceBretagne53,438Vannes
8%
ItalyCalabria31,451Vibo Valentia
8%
BulgariaVidin40,620Vidin
8%
RussiaMari El53,216Volzhsk
8%
United KingdomSouth West England88,485Weston-super-Mare
8%
United KingdomSouth East England32,640Windsor
8%
PolandSilesia172,360Zabrze
8%
NetherlandsSouth Holland70,460Alphen aan den Rijn
7%
BelgiumLiège28,598Ans
7%
FranceÎle-de-France110,213Argenteuil
7%
SpainCastile and León58,369Ávila
7%
GermanyHesse54,227Bad Homburg vor der Höhe
7%
SpainBasque Country101,486Barakaldo
7%
ItalyApulia93,275Barletta
7%
United KingdomNorth West England44,513Barrow-in-Furness
7%
United KingdomEast of England117,681Basildon
7%
UkraineZaporizhia109,187Berdiansk
7%
FranceCentre-Val de Loire45,871Blois
7%
SwedenVästra Götaland80,901Borås
7%
FranceCentre-Val de Loire64,668Bourges
7%
SpainExtremadura96,255Cáceres
7%
ItalyTuscany61,314Carrara
7%
GermanyLower Saxony69,540Celle
7%
FranceAuvergne-Rhône-Alpes58,833Chambéry
7%
SwitzerlandGrisons35,470Chur
7%
FranceÎle-de-France92,265Créteil
7%
United KingdomNorth West England74,949Crewe
7%
SpainCastile-la Mancha54,621Cuenca
7%
NetherlandsNorth Holland40,390Den Helder
7%
GermanySaxony-Anhalt80,103Dessau-Roßlau
7%
IrelandLeinster32,288Dundalk
7%
NetherlandsNorth Holland28,735Edam-Volendam
7%
SpainBasque Country27,769Eibar
7%
GermanyThuringia42,250Eisenach
7%
RussiaMoscow156,026Elektrostal
7%
AlbaniaFier55,845Fier
7%
ItalyCampania118,576Giugliano in Campania
7%
NetherlandsZealand30,695Goes / Kloetinge
7%
GermanyThuringia45,419Gotha
7%
United KingdomEast of England41,138Great Yarmouth
7%
United KingdomSouth East England86,611Guildford
7%
SwedenHalland70,480Halmstad
7%
United KingdomNorth East England90,074Hartlepool
7%
GermanyBaden-Württemberg49,573Heidenheim an der Brenz
7%
DenmarkHovetstaden47,461Helsingør
7%
NetherlandsNorth Holland74,350Hoofddorp (Haarlemmermeer)
7%
NetherlandsNorth Holland117,440IJmuiden
7%
GermanyNorth Rhine-Westphalia92,174Iserlohn
7%
LatviaSemigallia56,062Jelgava
7%
LatviaPierīga49,687Jūrmala
7%
GreecePeloponnese54,100Kalamáta
7%
CroatiaKarlovac46,833Karlovac
7%
AlbaniaKorçë51,152Korçë
7%
PolandWest Pomerania107,048Koszalin
7%
FrancePays de la Loire49,573Laval
7%
GermanyLower Saxony34,786Leer (Ostfriesland)
7%
PolandLower Silesia72,300Lubin
7%
United KingdomSouth East England68,117Maidenhead
7%
GermanyNorth Rhine-Westphalia84,067Marl
7%
SpainCatalonia129,661Mataró
7%
ItalyBasilicata60,530Matera
7%
GermanyBavaria44,100Memmingen
7%
SpainExtremadura59,548Mérida
7%
FinlandSouth Savonia53,134Mikkeli
7%
NorwayMøre og Romsdal31,870Molde
7%
FranceOccitanie60,952Montauban
7%
FranceÎle-de-France109,914Montreuil
7%
SpainMadrid210,309Móstoles
7%
United KingdomScotland32,580Motherwell
7%
FranceÎle-de-France96,807Nanterre
7%
GermanySchleswig-Holstein80,196Neumünster
7%
UkraineDnipropetrovsk109,122Nikopol
7%
MontenegroNikšić56,970Nikšić
7%
FranceNouvelle-Aquitaine59,059Niort
7%
FranceÎle-de-France44,223Noisy-le-Sec
7%
RussiaOrenburg226,502Orsk
7%
ItalyLombardy71,882Pavia
7%
BulgariaPernik72,241Pernik
7%
ItalyBasilicata66,393Potenza
7%
NetherlandsNorth Holland81,755Purmerend
7%
RussiaStavropol147,861Pyatigorsk
7%
DenmarkMidtjylland62,482Randers
7%
GermanyNorth Rhine-Westphalia87,520Ratingen
7%
GermanyBaden-Württemberg50,897Ravensburg
7%
GermanyNorth Rhine-Westphalia111,338Remscheid
7%
United KingdomWest Midlands76,419Rugby
7%
PolandSilesia138,098Rybnik
7%
GermanyLower Saxony104,291Salzgitter
7%
ItalyEmilia-Romagna40,278Sassuolo
7%
BelgiumBrussels Capital132,799Schaerbeek
7%
GermanyBavaria53,426Schweinfurt
7%
RussiaRostov230,262Shakhty
7%
CroatiaŠibenik-Knin34,302Šibenik
7%
SwitzerlandValais34,710Sion
7%
CroatiaBrod-Posavina53,531Slavonski Brod
7%
PolandPomerania35,719Sopot
7%
SerbiaSrem37,751Sremska Mitrovica
7%
United KingdomWest Midlands71,307Stafford
7%
United KingdomNorth East England84,492Stockton-on-Tees
7%
SwedenVästernorrland58,955Sundsvall
7%
HungaryFejér96,940Székesfehérvár
7%
HungaryVas78,407Szombathely
7%
BulgariaTargovishte35,344Targovishte
7%
SwitzerlandBern43,632Thun
7%
RomaniaTulcea73,707Tulcea
7%
BulgariaVeliko Tǎrnovo68,828Veliko Tǎrnovo
7%
LatviaCourland33,906Ventspils
7%
ItalyLazio65,911Viterbo
7%
NetherlandsZealand43,555Vlissingen / Oost-Souburg
7%
GreeceThessaly86,046Vólos
7%
RussiaVolgograd323,906Volzhsky
7%
CroatiaVukovar-Srijem26,468Vukovar
7%
BelgiumWalloon Brabant30,376Waterloo
7%
GermanySaxony-Anhalt45,752Wittenberg
7%
GreeceEast Macedonia and Thrace56,122Xánthi
7%
United KingdomSouth West England48,615Yeovil
7%
SpainCastile and León60,988Zamora
7%
PolandLublin141,222Zielona Góra
7%
ItalySicily57,592Agrigento
6%
SpainMadrid118,417Alcobendas
6%
United KingdomSouth East England58,511Aldershot
6%
GreeceEast Macedonia and Thrace57,812Alexandroupoli
6%
FranceNouvelle-Aquitaine41,711Angoulême
6%
United KingdomSouth East England28,862Ashford
6%
United KingdomSouth East England75,262Ashford
6%
RussiaRostov80,428Azov
6%
BelarusBrest175,000Baranovichi
6%
FranceHauts-de-France56,605Beauvais
6%
PolandLubusz57,170Biała Podlaska
6%
UkraineKiev209,238Bila Tserkva
6%
BulgariaBlagoevgrad68,679Blagoevgrad
6%
United KingdomSouth East England70,309Bognor Regis
6%
FranceAuvergne-Rhône-Alpes42,216Bron
6%
SpainBalearic Islands30,588Ciutadella de Menorca
6%
GermanyBavaria41,072Coburg
6%
FranceNormandie28,561Dieppe
6%
RussiaMoscow137,160Domodedovo
6%
FranceHauts-de-France39,634Douai
6%
RomaniaMehedinți92,617Drobeta-Turnu Severin
6%
United KingdomScotland54,360Dunfermline
6%
BelarusMinsk29,000Dzyarzhynsk
6%
HungaryHeves52,898Eger
6%
SpainCatalonia65,385El Prat de Llobregat
6%
SwedenDalarna40,663Falun
6%
Russia / UkraineCrimea68,001Feodosia
6%
SpainCatalonia47,235Figueres
6%
RussiaOrenburg33,819Gay
6%
KosovoGjakova40,827Gjakova
6%
PolandLublin123,609Gorzów Wielkopolski
6%
United KingdomEast Midlands44,807Grantham
6%
NetherlandsNorth Brabant79,635Helmond
6%
GermanyNorth Rhine-Westphalia66,638Herford
6%
GermanySaarland41,875Homburg
6%
DenmarkMidtjylland59,449Horsens
6%
RomaniaHunedoara60,525Hunedoara
6%
BelgiumWest Flanders34,995Ieper
6%
SpainBasque Country62,910Irun
6%
FinlandNorth Karelia76,850Joensuu
6%
GermanyNorth Rhine-Westphalia43,023Kamen
6%
UkraineDnipropetrovsk231,915Kamianske
6%
HungaryBács-Kiskun110,687Kecskemét
6%
GermanyBavaria69,151Kempten (Allgäu)
6%
NetherlandsLimburg30,885Kerkrade
6%
DenmarkSyddanmark61,121Kolding
6%
FinlandKymenlaakso82,113Kouvola
6%
SloveniaUpper Carniola37,941Kranj
6%
SwedenSkåne41,300Kristianstad
6%
GermanyBavaria73,411Landshut
6%
FinlandSouth Karelia72,634Lappeenranta
6%
ItalyLombardy48,058Lecco
6%
PolandLower Silesia99,350Legnica
6%
FranceNormandie25,771Le Grand-Quevilly
6%
United KingdomNorthern Ireland49,770Lisburn
6%
United KingdomScotland57,040Livingston
6%
SpainMurcia95,515Lorca
6%
United KingdomEast Midlands67,956Loughborough
6%
GermanyNorth Rhine-Westphalia86,348Lünen
6%
RussiaMoscow205,295Lyubertsy
6%
United KingdomSouth East England65,697Margate
6%
ItalySicily80,713Marsala
6%
RussiaAdygea141,475Maykop
6%
NetherlandsDrenthe29,005Meppel
6%
ItalyVeneto38,332Mira
6%
United KingdomNorth West England33,848Morecambe
6%
RussiaMoscow235,504Mytishchi
6%
United KingdomNorthern Ireland28,450Newry
6%
SerbiaRaška66,527Novi Pazar
6%
United KingdomWest Midlands90,429Nuneaton
6%
HungarySzabolcs-Szatmár-Bereg116,799Nyíregyháza
6%
GermanyBaden-Württemberg59,967Offenburg
6%
SpainCastile and León78,144Palencia
6%
ItalyMarche95,152Pesaro
6%
ItalyTuscany90,908Pistoia
6%
GermanySaxony64,597Plauen
6%
SpainGalicia83,260Pontevedra
6%
FranceAuvergne-Rhône-Alpes30,410Rillieux-la-Pape
6%
NetherlandsNorth Brabant65,780Roosendaal
6%
United KingdomWest Midlands57,831Royal Leamington Spa
6%
PolandSilesia137,360Ruda Śląska
6%
GermanySaarland34,522Saarlouis
6%
PortugalAlentejo29,777Santarém
6%
ItalyLiguria59,439Savona
6%
SwitzerlandSchaffhausen36,604Schaffhausen
6%
GermanyRhineland-Palatinate50,561Speyer
6%
RomaniaDâmbovița79,610Târgoviște
6%
United KingdomSouth West England63,833Taunton
6%
SpainMadrid132,853Torrejón de Ardoz
6%
FranceHauts-de-France97,442Tourcoing
6%
PolandSilesia127,590Tychy
6%
GermanyNorth Rhine-Westphalia58,936Unna
6%
ItalyLombardy80,724Varese
6%
HungaryVeszprém59,738Veszprém
6%
DenmarkMidtjylland40,778Viborg
6%
GermanyBaden-Württemberg85,707Villingen-Schwenningen
6%
PolandLower Silesia111,356Wałbrzych
6%
AustriaUpper Austria62,662Wels
6%
United KingdomSouth West England55,279Weymouth
6%
GermanyMecklenburg-Western Pomerania42,963Wismar
6%
PolandKuyavia-Pomerania109,883Włocławek
6%
Russia / UkraineCrimea108,248Yevpatoria
6%
PolandLesser Poland27,010Zakopane
6%
FranceNouvelle-Aquitaine33,012Agen
5%
RomaniaTeleorman45,434Alexandria
5%
PortugalLisbon96,404Almada
5%
LithuaniaAlytus49,195Alytus
5%
GermanyBavaria42,207Amberg
5%
RussiaKrasnodar88,879Anapa
5%
ItalyApulia98,414Andria
5%
GermanyBavaria41,798Ansbach
5%
RussiaKrasnodar188,960Armavir
5%
ItalyUmbria27,952Assisi
5%
ItalyCampania53,346Avellino
5%
United KingdomSouth East England88,950Aylesbury
5%
RussiaSaratov187,523Balakovo
5%
GermanySaxony38,425Bautzen
5%
FranceHauts-de-France25,193Béthune
5%
Bosnia and HerzegovinaUna-Sana39,690Bihać
5%
RomaniaBistrița-Năsăud75,076Bistrița
5%
GermanyNorth Rhine-Westphalia71,113Bocholt
5%
RomaniaCălărași65,181Călărași
5%
FranceHauts-de-France32,501Cambrai
5%
ItalyMolise48,337Campobasso
5%
ItalyEmilia-Romagna72,369Carpi
5%
ItalyCampania73,984Caserta
5%
PortugalCentro34,278Castelo Branco
5%
SpainCantabria32,270Castro-Urdiales
5%
FranceÎle-de-France66,322Cergy
5%
United KingdomSouth East England80,820Chatham
5%
ItalyLazio51,690Civitavecchia
5%
United KingdomEast Midlands61,740Corby
5%
SpainCatalonia89,936Cornellà de Llobregat
5%
ItalyPiedmont56,311Cuneo
5%
PolandSilesia119,373Dąbrowa Górnicza
5%
RussiaUlyanovsk113,472Dimitrovgrad
5%
BulgariaKhaskovo33,088Dimitrovgrad
5%
NetherlandsGelderland42,560Doetinchem
5%
NetherlandsFriesland44,865Drachten
5%
IrelandLeinster29,471Drogheda
5%
RussiaNizhny Novgorod229,000Dzerzhinsk
5%
United KingdomScotland75,460East Kilbride
5%
United KingdomSouth East England83,470Eastleigh
5%
PolandWarmia-Masuria62,109Ełk
5%
ItalyTuscany48,611Empoli
5%
LuxembourgEsch-sur-Alzette36,218Esch-sur-Alzette
5%
GermanyNorth Rhine-Westphalia58,381Euskirchen
5%
AustriaVorarlberg34,536Feldkirch
5%
KosovoFerizaj42,628Ferizaj
5%
United KingdomSouth East England42,262Fleet (Hart)
5%
United KingdomSouth East England53,949Folkestone
5%
NorwayViken83,193Fredrikstad
5%
ItalyLazio44,831Frosinone
5%
GermanyBavaria27,215Garmisch-Partenkirchen
5%
RomaniaGiurgiu61,353Giurgiu
5%
PolandLower Silesia66,980Głogów
5%
ItalyFriuli-Venezia Giulia33,569Gorizia
5%
GermanyLower Saxony50,554Goslar
5%
FinlandTavastia Proper67,633Hämeenlinna
5%
NetherlandsGelderland33,300Harderwijk
5%
United KingdomEast of England102,870Hemel Hempstead
5%
United KingdomEast of England29,303Hertford
5%
NetherlandsDrenthe41,050Hoogeveen
5%
FranceProvence-Alpes-Côte d'Azur55,069Hyères
5%
UkraineOdessa71,299Izmail
5%
PolandLower Silesia79,061Jelenia Góra
5%
GermanyNorth Rhine-Westphalia32,653Jülich
5%
SwedenBlekinge37,166Karlskrona
5%
United KingdomYorkshire and the Humber53,538Keighley
5%
United KingdomEast Midlands60,749Kettering
5%
United KingdomScotland46,580Kilmarnock
5%
United KingdomScotland50,220Kirkcaldy
5%
FinlandCentral Ostrobothnia47,681Kokkola
5%
GermanyBrandenburg37,639Königs Wusterhausen
5%
North MacedoniaNortheast73,590Kumanovo
5%
GermanyNorth Rhine-Westphalia67,952Lippstadt
5%
United KingdomWales45,309Llanelli
5%
TurkeyKırklareli119,460Lüleburgaz
5%
United KingdomNorth West England56,366Macclesfield
5%
SpainCatalonia78,245Manresa
5%
SlovakiaŽilina54,168Martin
5%
FranceÎle-de-France55,416Meaux
5%
FranceProvence-Alpes-Côte d'Azur30,231Menton
5%
GermanyLower Saxony35,313Meppen
5%
GermanyNorth Rhine-Westphalia81,716Minden
5%
BulgariaMontana38,341Montana
5%
HungaryGyőr-Moson-Sopron33,954Mosonmagyaróvár
5%
GermanySaarland46,179Neunkirchen
5%
GermanyLower Saxony44,386Neustadt am Rübenberge
5%
GermanyRhineland-Palatinate53,264Neustadt an der Weinstraße
5%
FranceBourgogne-Franche-Comté33,279Nevers
5%
United KingdomEast Midlands39,947Newark-on-Trent
5%
United KingdomSouth West England27,153Newton Abbot
5%
UkraineDnipropetrovsk70,357Novomoskovsk
5%
RussiaTula122,306Novomoskovsk
5%
PolandLesser Poland83,794Nowy Sącz
5%
CzechiaMoravia-Silesia56,450Opava
5%
FranceProvence-Alpes-Côte d'Azur28,922Orange
5%
BelarusVitebsk108,100Orsha
5%
PolandLesser Poland38,005Oświęcim
5%
UkraineDnipropetrovsk104,225Pavlohrad
5%
BulgariaPazardzhik67,650Pazardzhik
5%
RomaniaNeamț85,055Piatra Neamț
5%
BelarusVitebsk81,000Polotsk
5%
ItalyCampania25,115Pompei
5%
ItalyFriuli-Venezia Giulia51,733Pordenone
5%
FinlandUusimaa50,380Porvoo
5%
North MacedoniaPelagonia64,290Prilep
5%
PolandSubcarpathia60,689Przemyśl
5%
BulgariaRazgrad30,173Razgrad
5%
GermanyNorth Rhine-Westphalia76,218Rheine
5%
SpainAndalusia33,730Ronda
5%
FranceBretagne44,170Saint-Brieuc
5%
FrancePays de la Loire70,619Saint-Nazaire
5%
FranceProvence-Alpes-Côte d'Azur45,400Salon-de-Provence
5%
PortugalNorte28,333Santo Tirso
5%
RussiaArkhangelsk181,990Severodvinsk
5%
NetherlandsLimburg41,395Sittard / Munstergeleen
5%
NetherlandsFriesland32,575Sneek
5%
SwedenStockholm75,068Södertälje
5%
SpainCastile and León39,821Soria
5%
GermanyLower Saxony47,703Stade
5%
RussiaBelgorod223,921Stary Oskol
5%
UkraineLviv59,730Stryi
5%
GermanyThuringia36,789Suhl
5%
PolandPodlachia69,758Suwałki
5%
SpainAragón36,240Teruel
5%
North MacedoniaPolog56,580Tetovo
5%
NetherlandsGelderland38,670Tiel
5%
MoldovaTransnistria91,882Tighina
5%
BelgiumAntwerp45,280Turnhout
5%
CroatiaVaraždin38,839Varaždin
5%
NetherlandsLimburg27,910Venray
5%
GermanyNorth Rhine-Westphalia77,102Viersen
5%
PortugalNorte27,735Vila Real
5%
SpainValència51,293Vila-real
5%
RussiaRostov171,406Volgodonsk
5%
NetherlandsNorth Brabant34,115Waalwijk
5%
NetherlandsGelderland35,950Wageningen
5%
United KingdomNorth East England67,086Washington
5%
GermanyBavaria42,743Weiden in der Oberpfalz
5%
BelgiumBrussels Capital42,119Woluwe-Saint-Pierre
5%
PolandLubusz63,437Zamość
5%
NetherlandsUtrecht51,385Zeist
5%
NetherlandsGelderland43,075Zutphen / Warnsveld
5%
GermanyRhineland-Palatinate34,193Zweibrücken
5%
BelgiumEast Flanders87,332Aalst
4%
United KingdomNorth West England36,534Accrington
4%
RomaniaAlba63,536Alba Iulia
4%
UkraineLuhansk106,941Alchevsk
4%
ItalySardinia42,580Alghero
4%
GermanyThuringia31,633Altenburg
4%
United KingdomSouth East England46,906Andover
4%
ItalyLazio52,335Anzio
4%
ItalyMarche47,404Ascoli Piceno
4%
GermanyLower Saxony42,040Aurich
4%
UkraineDonetsk32,436Avdiivka
4%
SpainAsturias77,791Avilés
4%
SwitzerlandTicino43,279Bellinzona
4%
FranceNouvelle-Aquitaine26,823Bergerac
4%
FranceÎle-de-France54,272Bobigny
4%
GermanyBaden-Württemberg50,161Böblingen
4%
FranceÎle-de-France28,468Bois-Colombes
4%
United KingdomNorth West England52,835Bootle
4%
UkraineKiev108,349Brovary
4%
ItalyLombardy83,679Busto Arsizio
4%
SerbiaMoravica73,331Čačak
4%
GermanyNorth Rhine-Westphalia73,343Castrop-Rauxel
4%
FranceGrand-Est44,246Châlons-en-Champagne (Châlons-sur-Marne)
4%
FranceBourgogne-Franche-Comté44,810Chalon-sur-Saône
4%
FranceGrand-Est46,391Charleville-Mézières
4%
FranceCentre-Val de Loire43,442Châteauroux
4%
RussiaKarachay-Cherkessia123,168Cherkessk
4%
United KingdomEast of England53,768Clacton-on-Sea
4%
GermanyNorth Rhine-Westphalia36,257Coesfeld
4%
CzechiaÚstí48,594Děčín
4%
GermanyLower Saxony77,559Delmenhorst
4%
GermanyNorth Rhine-Westphalia74,254Detmold
4%
AustriaVorarlberg50,253Dornbirn
4%
SpainAndalusia83,758El Ejido
4%
ItalySicily26,368Enna
4%
GermanyBavaria36,437Erding
4%
HungaryKomárom-Esztergom28,144Esztergom
4%
United KingdomSouth West England35,727Exmouth
4%
SpainGalicia65,560Ferrol
4%
ItalyLazio76,097Fiumicino
4%
United KingdomNorth West England25,632Fleetwood
4%
GermanyBavaria49,126Freising
4%
FranceProvence-Alpes-Côte d'Azur53,786Fréjus
4%
SpainAndalusia82,837Fuengirola
4%
FranceProvence-Alpes-Côte d'Azur40,559Gap
4%
NetherlandsLimburg49,715Geleen
4%
TurkeyÇanakkale30,394Gelibolu
4%
SpainBasque Country77,770Getxo
4%
KosovoGjilan54,239Gjilan
4%
GermanyNorth Rhine-Westphalia75,610Gladbeck
4%
GermanyBaden-Württemberg57,813Göppingen
4%
NetherlandsSouth Holland35,610Gorinchem
4%
PortugalCentro25,993Guarda
4%
GermanyNorth Rhine-Westphalia50,952Gummersbach
4%
NorwayInnlandet31,509Hamar
4%
United KingdomEast of England87,189Harlow
4%
NetherlandsNorth Holland72,475Heerhugowaard / Scharwoude / Broek op Langedijk
4%
ItalyLiguria41,969Imperia
4%
GreeceAttica49,642Iraklio
4%
UkraineKiev60,084Irpin
4%
BelgiumBrussels Capital87,632Ixelles
4%
UkraineKharkiv46,653Izium
4%
CzechiaVysočina51,216Jihlava
4%
FinlandKainuu36,709Kajaani
4%
PolandGreater Poland100,246Kalisz
4%
GreeceAttica100,641Kallithéa
4%
HungarySomogy61,441Kaposvár
4%
BulgariaKardzhali43,600Kardzhali
4%
GreeceEast Macedonia and Thrace54,027Kavála
4%
United KingdomNorth West England29,672Kendal
4%
United KingdomWest Midlands57,929Kidderminster
4%
United KingdomEast of England48,691King's Lynn
4%
EstoniaIda-Viru33,197Kohtla-Järve
4%
RussiaMoscow140,129Kolomna
4%
PolandGreater Poland73,522Konin
4%
RussiaMoscow175,554Krasnogorsk
4%
FranceProvence-Alpes-Côte d'Azur25,380La Garde
4%
BelgiumHainaut81,138La Louvière
4%
ItalyCalabria68,206Lamezia Terme
4%
SerbiaJablanica60,288Leskovac
4%
FranceÎle-de-France31,417L' Hay-les-Roses
4%
United KingdomWest Midlands34,169Lichfield
4%
BelarusGrodno102,700Lida
4%
NorwayViken27,118Lier
4%
BelgiumAntwerp36,646Lier
4%
SpainAndalusia57,353Linares
4%
GermanyBavaria25,512Lindau (Bodensee)
4%
SpainCatalonia39,089Lloret de Mar
4%
GermanyBaden-Württemberg49,291Lörrach
4%
United KingdomEast of England73,800Lowestoft
4%
UkraineLuhansk96,161Lysychansk
4%
LithuaniaMarijampolė34,749Marijampolė
4%
GermanySaxony28,282Meißen
4%
FranceÎle-de-France39,947Melun
4%
RussiaStavropol73,925Mineralnye Vody
4%
SpainCastile and León35,760Miranda de Ebro
4%
SwitzerlandVaud25,984Montreux
4%
NorwayViken49,668Moss
4%
BelarusVitebsk98,800Navapolatsk
4%
United KingdomWales51,433Neath
4%
RussiaBashkortostan131,138Neftekamsk
4%
FranceÎle-de-France35,680Neuilly-sur-Marne
4%
FranceÎle-de-France59,940Neuilly-sur-Seine
4%
United KingdomNorth East England26,116Newton Aycliffe
4%
United KingdomScotland27,880Newton Mearns
4%
NetherlandsUtrecht61,740Nieuwegein
4%
FinlandPirkanmaa33,929Nokia
4%
GermanyThuringia41,726Nordhausen
4%
RussiaRostov168,035Novocherkassk
4%
SwedenSödermanland33,546Nyköping
4%
GermanyBrandenburg44,862Oranienburg
4%
RussiaMoscow118,309Orekhovo-Zuyevo
4%
GermanyLower Saxony37,766Papenburg
4%
SpainMadrid133,482Parla
4%
FranceNouvelle-Aquitaine30,060Périgueux
4%
PolandGreater Poland73,139Piła
4%
PolandŁódz73,090Piotrków Trybunalski
4%
SpainCastile and León64,509Ponferrada
4%
GermanyNorth Rhine-Westphalia35,631Porta Westfalica
4%
RussiaMoscow107,580Pushkino
4%
United KingdomSouth East England42,040Ramsgate
4%
United KingdomNorth East England38,001Redcar
4%
United KingdomWest Midlands83,010Redditch
4%
GermanySchleswig-Holstein28,896Rendsburg
4%
FrancePays de la Loire42,368Rezé
4%
ItalyLazio46,604Rieti
4%
RomaniaNeamț50,713Roman
4%
ItalyVeneto49,985Rovigo
4%
RussiaYaroslavl184,635Rybinsk
4%
RussiaTver57,515Rzhev
4%
FranceNouvelle-Aquitaine25,148Saintes
4%
SpainAndalusia95,001San Fernando
4%
SpainMadrid39,566San Fernando de Henares
4%
SpainCatalonia120,443Santa Coloma de Gramenet
4%
SpainCatalonia37,447Sant Adrià de Besòs
4%
SpainValència33,303Santa Pola
4%
RussiaNizhny Novgorod96,052Sarov
4%
GermanyBaden-Württemberg61,137Schwäbisch Gmünd
4%
GreeceCentral Macedonia58,287Serres
4%
ItalyTuscany48,964Sesto Fiorentino
4%
FranceOccitanie43,686Sète
4%
RomaniaCovasna56,006Sfântu Gheorghe
4%
GermanyNorth Rhine-Westphalia41,554Siegburg
4%
TurkeyIstanbul181,997Silivri
4%
BelgiumEast Flanders78,531Sint-Niklaas
4%
SwedenVästerbotten36,142Skellefteå
4%
NorwayVestfold og Telemark55,144Skien
4%
UkraineDonetsk108,363Sloviansk
4%
PolandPomerania90,681Słupsk
4%
BelarusMinsk101,400Soligorsk
4%
DenmarkSyddanmark27,841Sønderborg
4%
ItalyUmbria37,389Spoleto
4%
PolandGreater Poland29,446Śrem
4%
GermanySaxony-Anhalt39,103Stendal
4%
AustriaUpper Austria37,968Steyr
4%
GermanyBavaria47,791Straubing
4%
RussiaSamara167,160Syzran
4%
FranceOccitanie42,426Tarbes
4%
RomaniaGorj82,504Târgu Jiu
4%
HungaryKomárom-Esztergom65,845Tatabánya
4%
CzechiaÚstí49,731Teplice
4%
ItalyAbruzzo53,998Teramo
4%
SpainAndalusia69,166Torremolinos
4%
SpainValència83,962Torrent
4%
SpainValència84,667Torrevieja
4%
BelgiumHainaut69,083Tournai
4%
GermanyNorth Rhine-Westphalia74,953Troisdorf
4%
SwedenVästra Götaland50,300Trollhättan
4%
UkraineCherkasy82,603Uman
4%
SwedenHalland35,782Varberg
4%
RomaniaVaslui55,407Vaslui
4%
NetherlandsUtrecht64,730Veenendaal
4%
FranceAuvergne-Rhône-Alpes29,583Vienne
4%
FranceÎle-de-France34,607Villeneuve-Saint-Georges
4%
PortugalCentro57,975Viseu
4%
RussiaKomi52,776Vorkuta
4%
SerbiaPčinja55,138Vranje
4%
BulgariaVratsa51,674Vratsa
4%
United KingdomNorth West England60,866Wallasey
4%
NetherlandsLimburg39,125Weert / Boshoven
4%
United KingdomEast of England51,357Welwyn Garden City
4%
GermanyNorth Rhine-Westphalia60,230Wesel
4%
GermanyHesse52,955Wetzlar
4%
NetherlandsUtrecht36,645Woerden
4%
BulgariaYambol67,222Yambol
4%
HungaryZala57,403Zalaegerszeg
4%
GreeceAttica99,346Acharnes
3%
RussiaTula57,516Aleksin
3%
ItalyApulia69,999Altamura
3%
United KingdomNorth West England56,112Altrincham
3%
SwedenSkåne29,027Ängelholm
3%
GreeceAttica33,565Áno Liósia
3%
SpainCastile and León33,187Aranda de Duero
3%
BelgiumLuxembourg30,081Arlon
3%
United KingdomNorth West England28,283Ashton-in-Makerfield
3%
United KingdomNorth West England47,826Ashton-under-Lyne
3%
FranceÎle-de-France87,572Aubervilliers
3%
FranceÎle-de-France86,278Aulnay-sous-Bois
3%
NorwayViken128,233Bærum
3%
NetherlandsGelderland31,515Barneveld
3%
United KingdomSouth West England32,775Barnstaple
3%
United KingdomYorkshire and the Humber83,292Batley
3%
FranceBourgogne-Franche-Comté46,954Belfort
3%
ItalyVeneto35,675Belluno
3%
GermanyNorth Rhine-Westphalia61,601Bergheim
3%
ItalyPiedmont44,208Biella
3%
MaltaNorthern Harbour25,463Birkirkara
3%
United KingdomNorth East England25,433Bishop Auckland
3%
GermanySaxony-Anhalt38,159Bitterfeld-Wolfen
3%
CroatiaBjelovar-Bilogora27,024Bjelovar
3%
United KingdomSouth East England85,067Bracknell
3%
United KingdomEast of England43,552Braintree
3%
FranceNouvelle-Aquitaine46,630Brive-la-Gaillarde
3%
GermanyNorth Rhine-Westphalia44,126Brühl
3%
NetherlandsNorth Holland48,625Bussum
3%
GermanyLower Saxony40,193Buxtehude
3%
ItalySicily60,294Caltanissetta
3%
FranceOccitanie41,795Castres
3%
ItalyCampania51,101Cava de' Tirreni
3%
TurkeyTekirdağ125,461Çerkezköy
3%
CzechiaLiberec37,525Česká Lípa
3%
FranceÎle-de-France77,039Champigny-sur-Marne
3%
ItalyAbruzzo50,287Chieti
3%
GreeceNorth Aegean26,850Chios Town
3%
United KingdomSouth West England35,469Chippenham
3%
FrancePays de la Loire54,186Cholet
3%
United KingdomSouth West England56,779Christchurch
3%
GermanyLower Saxony35,451Cloppenburg
3%
FranceÎle-de-France86,052Colombes
3%
FranceHauts-de-France35,800Creil
3%
United KingdomScotland50,120Cumbernauld
3%
SpainValència42,827Dénia
3%
RomaniaHunedoara61,123Deva
3%
United KingdomYorkshire and the Humber66,875Dewsbury
3%
GermanyNorth Rhine-Westphalia67,373Dinslaken
3%
NetherlandsFlevoland25,425Dronten
3%
United KingdomNorth West England62,305Ellesmere Port
3%
UkraineZaporizhia53,343Enerhodar
3%
FranceGrand-Est32,223Épinal
3%
GermanyNorth Rhine-Westphalia43,206Erkelenz
3%
GermanyNorth Rhine-Westphalia56,482Eschweiler
3%
SpainAndalusia70,228Estepona
3%
FranceNormandie46,707Évreux
3%
FranceÎle-de-France67,131Évry-Courcouronnes
3%
ItalyEmilia-Romagna58,288Faenza
3%
SwedenHalland27,813Falkenberg
3%
United KingdomSouth East England65,370Farnborough
3%
ItalyMarche36,812Fermo
3%
GermanyNorth Rhine-Westphalia52,439Frechen
3%
DenmarkSyddanmark40,981Fredericia
3%
United KingdomSouth West England28,168Frome
3%
BulgariaGabrovo51,217Gabrovo
3%
ItalySicily72,187Gela
3%
United KingdomScotland38,150Glenrothes
3%
United KingdomSouth East England73,361Gosport
3%
FranceProvence-Alpes-Côte d'Azur48,865Grasse
3%
United KingdomSouth East England58,640Gravesend
3%
GermanyNorth Rhine-Westphalia48,321Gronau (Westfalen)
3%
PolandKuyavia-Pomerania94,368Grudziądz
3%
GermanyLower Saxony57,434Hameln
3%
GermanyNorth Rhine-Westphalia54,438Hattingen
3%
DenmarkMidtjylland50,332Herning
3%
GermanyNorth Rhine-Westphalia61,821Herten
3%
GermanyNorth Rhine-Westphalia55,625Hilden
3%
GermanySaxony32,405Hoyerswerda
3%
United KingdomEast of England26,004Huntingdon
3%
GermanyNorth Rhine-Westphalia59,731Hürth
3%
GermanyNorth Rhine-Westphalia51,822Ibbenbüren
3%
GermanyThuringia38,891Ilmenau
3%
FinlandSouth Karelia26,508Imatra
3%
PolandKuyavia-Pomerania72,561Inowrocław
3%
FranceÎle-de-France68,260Issy-les-Moulineaux
3%
FranceÎle-de-France63,309Ivry-sur-Seine
3%
United KingdomNorth East England43,218Jarrow
3%
PolandSilesia88,743Jastrzębie-Zdrój
3%
PolandSilesia91,115Jaworzno
3%
RussiaDagestan123,988Kaspiysk
3%
GermanyBaden-Württemberg36,664Kehl
3%
GermanyNorth Rhine-Westphalia66,702Kerpen
3%
RussiaLeningrad45,216Kingisepp
3%
CzechiaCentral Bohemia69,337Kladno
3%
RussiaMoscow79,715Klin
3%
CzechiaCentral Bohemia31,973Kolín
3%
RussiaMoscow225,858Korolyov
3%
SerbiaRaška64,175Kraljevo
3%
SerbiaRasina58,745Kruševac
3%
BulgariaKyustendil39,284Kyustendil
3%
FranceÎle-de-France29,430La Garenne-Colombes
3%
SpainAndalusia63,630La Línea de la Concepción
3%
GermanyRhineland-Palatinate46,881Landau in der Pfalz
3%
GermanyHesse38,229Langen (Hessen)
3%
SpainMadrid96,113Las Rozas de Madrid
3%
PortugalCentro50,533Leiria
3%
PolandGreater Poland63,505Leszno
3%
FranceÎle-de-France65,817Levallois-Perret
3%
SwedenVästra Götaland27,675Lidköping
3%
NorwayViken86,953Lillestrøm
3%
GermanyLower Saxony54,708Lingen (Ems)
3%
FinlandUusimaa45,965Lohja
3%
BelgiumEast Flanders42,044Lokeren
3%
United KingdomEast Midlands39,387Long Eaton
3%
BulgariaLovech31,695Lovech
3%
GermanyNorth Rhine-Westphalia72,313Lüdenscheid
3%
FranceBourgogne-Franche-Comté33,810Mâcon
3%
SpainBalearic Islands29,592Maó
3%
BelarusGomel105,700Mazyr
3%
FranceNouvelle-Aquitaine70,813Mérignac
3%
United KingdomWales45,109Merthyr Tydfil
3%
GermanyNorth Rhine-Westphalia38,757Mettmann
3%
CzechiaCentral Bohemia44,740Mladá Boleslav
3%
ItalyFriuli-Venezia Giulia28,290Monfalcone
3%
SwedenÖstergötland31,400Motala
3%
GermanyThuringia36,090Mühlhausen/Thüringen
3%
UkraineTranscarpathia85,796Mukacheve
3%
RussiaVladimir106,984Murom
3%
PolandSilesia74,618Mysłowice
3%
United KingdomNorthern Ireland67,300Newtownabbey
3%
NetherlandsGelderland26,590Nijkerk
3%
UkraineChernihiv68,007Nizhyn
3%
RussiaMoscow103,967Noginsk
3%
GermanySchleswig-Holstein79,357Norderstedt
3%
GermanyLower Saxony53,711Nordhorn
3%
ItalySardinia34,996Nuoro
3%
RussiaKaluga117,419Obninsk
3%
RussiaMoscow135,506Odintsovo
3%
GermanyNorth Rhine-Westphalia31,421Oer-Erkenschwick
3%
NetherlandsOverijssel31,120Oldenzaal
3%
ItalySardinia30,708Oristano
3%
PolandGreater Poland71,931Ostrów Wielkopolski
3%
GermanyLower Saxony49,990Peine
3%
GreeceAttica139,981Peristeri
3%
RussiaSaratov28,237Petrovsk
3%
GermanySchleswig-Holstein43,667Pinneberg
3%
GermanyRhineland-Palatinate40,231Pirmasens
3%
SerbiaPirot38,785Pirot
3%
SpainExtremadura39,860Plasencia
3%
UkraineDnipropetrovsk38,570Pokrov
3%
FranceÎle-de-France31,422Pontoise
3%
SlovakiaPrešov51,235Poprad
3%
PortugalAlgarve40,658Portimão
3%
SlovakiaTrenčín39,270Považská Bystrica
3%
SpainAndalusia41,700Puerto Real
3%
GermanyNorth Rhine-Westphalia54,194Pulheim
3%
SpainValència25,062Quart de Poblet
3%
PortugalLisbon75,169Queluz
3%
RussiaMoscow121,908Ramenskoye
3%
FinlandSatakunta39,205Rauma
3%
United KingdomEast of England99,556Rayleigh
3%
RussiaMoscow108,054Reutov
3%
LatviaLatgallia27,613Rēzekne
3%
GermanyNorth Rhine-Westphalia48,644Rheda-Wiedenbrück
3%
United KingdomWales26,466Rhyl
3%
GermanySaxony29,754Riesa
3%
SpainMadrid90,973Rivas-Vaciamadrid
3%
BelgiumWest Flanders63,478Roeselare
3%
GermanyBaden-Württemberg43,843Rottenburg am Neckar
3%
GermanyBaden-Württemberg25,182Rottweil
3%
ItalyTrentino-South Tyrol40,239Rovereto
3%
SpainCatalonia78,591Rubí
3%
United KingdomNorth West England62,326Runcorn
3%
GermanyThuringia29,278Saalfeld/Saale
3%
SpainValència67,173Sagunto
3%
FranceÎle-de-France44,750Saint-Germain-en-Laye
3%
FranceÎle-de-France75,298Saint-Maur-des-Fossés
3%
FranceÎle-de-France50,670Saint-Ouen
3%
FranceHauts-de-France53,856Saint-Quentin
3%
RussiaBashkortostan150,500Salavat
3%
SpainCatalonia28,526Salou
3%
NorwayRogaland80,450Sandnes
3%
ItalyVeneto42,250San Donà di Piave
3%
GermanyNorth Rhine-Westphalia55,847Sankt Augustin
3%
SpainCatalonia92,977Sant Cugat del Vallès
3%
FinlandSouth Savonia32,974Savonlinna
3%
FinlandSouth Ostrobothnia63,781Seinäjoki
3%
RussiaMoscow100,335Sergiyev Posad
3%
RussiaMoscow126,273Serpukhov
3%
United KingdomSouth East England32,120Sevenoaks
3%
PolandMazovia78,185Siedlce
3%
RomaniaMureș28,102Sighișoara
3%
DenmarkMidtjylland46,923Silkeborg
3%
GermanyBaden-Württemberg64,905Sindelfingen
3%
GermanyBaden-Württemberg47,643Singen (Hohentwiel)
3%
HungarySomogy25,708Siófok
3%
CroatiaSisak-Moslavina33,322Sisak
3%
BelarusMinsk61,700Slutsk
3%
SerbiaDanube64,175Smederevo
3%
BulgariaSmolyan27,092Smolyan
3%
FranceHauts-de-France28,522Soissons
3%
RussiaPerm92,602Solikamsk
3%
NetherlandsSouth Holland71,390Spijkenisse
3%
United KingdomEast of England29,004Stanford-le-Hope
3%
PolandWest Pomerania67,837Stargard Szczeciński
3%
United KingdomWest Midlands107,531Sutton Coldfield
3%
CzechiaSouth Bohemia34,277Tábor
3%
United KingdomWest Midlands73,957Tamworth
3%
PolandSilesia61,686Tarnowskie Góry
3%
ItalyLazio54,366Tivoli
3%
PolandŁódz61,960Tomaszów Mazowiecki
3%
United KingdomSouth East England41,624Tonbridge
3%
SpainCantabria51,597Torrelavega
3%
SwedenSkåne30,668Trelleborg
3%
SpainAndalusia34,329Úbeda
3%
BelgiumBrussels Capital83,980Uccle
3%
GermanyLower Saxony33,536Uelzen
3%
SpainAndalusia50,962Utrera
3%
SerbiaZlatibor52,646Užice
3%
SerbiaKolubara58,932Valjevo
3%
SpainAndalusia82,365Vélez-Málaga
3%
ItalyPiedmont46,362Vercelli
3%
GermanyLower Saxony27,706Verden (Aller)
3%
BelgiumLiège55,290Verviers
3%
PortugalNorte37,972Viana do Castelo
3%
ItalyTuscany60,512Viareggio
3%
FranceHauts-de-France62,727Villeneuve-d'Ascq
3%
FranceÎle-de-France94,649Vitry-sur-Seine
3%
RussiaSmolensk52,347Vyazma
3%
GermanyBaden-Württemberg30,150Weil am Rhein
3%
GermanyLower Saxony52,165Wolfenbüttel
3%
SerbiaZaječar38,165Zaječar
3%
GermanySaxony25,086Zittau
3%
SerbiaCentral Banat76,511Zrenjanin
3%
United KingdomSouth East England39,654Abingdon
2%
GermanyLower Saxony31,923Achim
2%
ItalySicily27,784Aci Catena
2%
ItalySicily51,176Acireale
2%
ItalyCampania62,808Afragola
2%
GreeceWest Greece46,899Agrinio
2%
GermanyNorth Rhine-Westphalia39,381Ahaus
2%
United KingdomScotland36,430Airdrie
2%
SpainValència59,354Alcoy
2%
FranceNormandie25,775Alençon
2%
RussiaVladimir57,899Alexandrov
2%
RussiaTatarstan158,429Almetyevsk
2%
GermanyNorth Rhine-Westphalia47,149Alsdorf
2%
Russia / UkraineCrimea30,088Alushta
2%
SpainGalicia32,104Ames
2%
GermanyRhineland-Palatinate29,922Andernach
2%
SpainAndalusia36,615Andújar
2%
FranceNouvelle-Aquitaine39,604Anglet
2%
FranceAuvergne-Rhône-Alpes36,250Annemasse
2%
FranceÎle-de-France62,858Antony
2%
UkraineLuhansk52,525Antratsyt
2%
RussiaMurmansk54,667Apatity
2%
ItalyLazio72,859Aprilia
2%
SpainMadrid60,332Aranjuez
2%
NorwayAgder45,065Arendal
2%
GermanyNorth Rhine-Westphalia73,456Arnsberg
2%
GermanyThuringia27,314Arnstadt
2%
RussiaNizhny Novgorod103,979Arzamas
2%
BulgariaPlovdiv48,483Asenovgrad
2%
United KingdomNorth East England28,139Ashington (Wansbeck)
2%
FranceÎle-de-France85,946Asnières-sur-Seine
2%
FranceProvence-Alpes-Côte d'Azur47,208Aubagne
2%
PolandPodlachia30,153Augustów
2%
FranceAuvergne-Rhône-Alpes25,531Aurillac
2%
ItalyCampania51,344Aversa
2%
GermanyBaden-Württemberg37,348Backnang
2%
GermanyHesse29,944Bad Hersfeld
2%
GermanyRhineland-Palatinate51,170Bad Kreuznach
2%
GermanyRhineland-Palatinate28,468Bad Neuenahr-Ahrweiler
2%
GermanyNorth Rhine-Westphalia48,604Bad Oeynhausen
2%
GermanyNorth Rhine-Westphalia54,254Bad Salzuflen
2%
GermanyLower Saxony28,896Bad Zwischenahn
2%
ItalySicily53,409Bagheria
2%
FranceÎle-de-France40,812Bagneux
2%
HungaryBács-Kiskun34,495Baja
2%
United KingdomNorthern Ireland31,260Ballymena
2%
RussiaKaliningrad33,658Baltiysk
2%
United KingdomSouth East England47,447Banbury
2%
SlovakiaPrešov32,293Bardejov
2%
NetherlandsSouth Holland55,210Barendrecht
2%
PortugalLisbon63,353Barreiro
2%
SpainBasque Country40,847Basauri
2%
RussiaRostov127,919Bataysk
2%
GermanyHesse27,755Baunatal
2%
GermanyNorth Rhine-Westphalia36,815Beckum
2%
PolandSilesia56,354Będzin
2%
FranceNouvelle-Aquitaine29,669Bègles
2%
HungaryBékés58,996Békéscsaba
2%
RussiaPerm139,209Berezniki
2%
GermanyNorth Rhine-Westphalia48,740Bergkamen
2%
GermanyBrandenburg40,031Bernau bei Berlin
2%
RussiaNorth Ossetia-Alania37,371Beslan
2%
NetherlandsNorth Brabant27,575Best
2%
United KingdomYorkshire and the Humber31,130Beverley
2%
United KingdomSouth East England45,123Bexhill
2%
GermanyBaden-Württemberg33,265Biberach an der Riß
2%
United KingdomSouth East England32,835Bicester
2%
GermanyBaden-Württemberg43,227Bietigheim-Bissingen
2%
Bosnia and HerzegovinaRepublika Srpska41,121Bijeljina
2%
UkraineOdessa48,674Bilhorod-Dnistrovskyi
2%
United KingdomEast of England34,987Billericay
2%
GermanyRhineland-Palatinate25,899Bingen am Rhein
2%
RussiaBashkortostan46,512Birsk
2%
FranceOccitanie25,152Blagnac
2%
SpainCatalonia39,914Blanes
2%
United KingdomNorth East England39,535Blyth
2%
PolandLower Silesia38,872Bolesławiec
2%
United KingdomEast of England37,958Borehamwood
2%
RussiaVoronezh59,864Borisoglebsk
2%
GermanyNorth Rhine-Westphalia42,629Borken
2%
SwedenDalarna45,129Borlänge
2%
GermanyNorth Rhine-Westphalia48,321Bornheim
2%
UkraineKiev63,169Boryspil
2%
GermanyLower Saxony31,141Bramsche
2%
IrelandLeinster27,760Bray
2%
United KingdomEast of England55,285Brentwood
2%
GermanyBaden-Württemberg29,566Bretten
2%
GermanyNorth Rhine-Westphalia25,451Brilon
2%
United KingdomWest Midlands36,215Bromsgrove
2%
GermanyBaden-Württemberg44,776Bruchsal
2%
PolandOpole35,709Brzeg
2%
HungaryPest28,899Budaörs
2%
RussiaTatarstan82,488Bugulma
2%
GermanyNorth Rhine-Westphalia45,187Bünde
2%
GermanyLower Saxony30,727Burgdorf
2%
FranceÎle-de-France26,806Bussy-Saint-Georges
2%
RussiaOrenburg86,103Buzuluk
2%
United KingdomWales41,986Caerphilly
2%
FranceProvence-Alpes-Côte d'Azur51,411Cagnes-sur-Mer
2%
SpainBalearic Islands51,710Calvià
2%
United KingdomScotland29,900Cambuslang
2%
ItalyTuscany46,122Campi Bisenzio
2%
United KingdomWest Midlands70,724Cannock
2%
ItalyLombardy39,790Cantù
2%
SpainAndalusia28,834Carmona
2%
FranceProvence-Alpes-Côte d'Azur28,798Carpentras
2%
ItalyPiedmont33,596Casale Monferrato
2%
SpainCatalonia67,460Castelldefels
2%
United KingdomYorkshire and the Humber43,625Castleford
2%
FranceProvence-Alpes-Côte d'Azur26,198Cavaillon
2%
HungaryPest35,545Cegléd
2%
ItalyApulia55,324Cerignola
2%
GreeceCentral Greece59,125Chalcis
2%
RussiaMoscow72,321Chekhov
2%
FranceÎle-de-France55,148Chelles
2%
UkraineLviv65,871Chervonohrad
2%
United KingdomEast of England47,124Cheshunt
2%
SpainAndalusia85,150Chiclana de la Frontera
2%
PolandPomerania39,804Chojnice
2%
CzechiaÚstí48,635Chomutov
2%
United KingdomNorth West England38,958Chorley
2%
PolandMazovia44,138Ciechanów
2%
PolandSilesia34,424Cieszyn
2%
ItalyUmbria38,650Città di Castello
2%
FranceÎle-de-France52,926Clamart
2%
United KingdomYorkshire and the Humber38,562Cleethorpes
2%
FranceÎle-de-France62,485Clichy
2%
FranceÎle-de-France28,992Clichy-sous-Bois
2%
United KingdomScotland25,890Clydebank
2%
United KingdomScotland44,100Coatbridge
2%
United KingdomNorthern Ireland25,490Coleraine
2%
SpainMadrid64,378Collado Villalba
2%
SpainMadrid51,938Colmenar Viejo
2%
FranceOccitanie39,097Colomiers
2%
FranceHauts-de-France40,542Compiègne
2%
ItalyVeneto35,065Conegliano
2%
FranceÎle-de-France50,954Corbeil-Essonnes
2%
SpainAndalusia30,908Coria del Río
2%
ItalyCalabria75,126Corigliano-Rossano
2%
SpainMadrid81,391Coslada
2%
FranceÎle-de-France82,198Courbevoie
2%
United KingdomNorthern Ireland71,020Craigavon
2%
ItalyLombardy34,504Crema
2%
NetherlandsGelderland27,185Culemborg
2%
United KingdomWales48,287Cwmbran
2%
GermanyNorth Rhine-Westphalia34,596Datteln
2%
United KingdomEast Midlands25,781Daventry
2%
GermanyBavaria33,721Deggendorf
2%
United KingdomNorth West England36,089Denton
2%
RussiaMoscow68,792Dmitrov
2%
RussiaMoscow116,038Dolgoprudny
2%
SpainExtremadura37,284Don Benito
2%
GermanyNorth Rhine-Westphalia64,340Dormagen
2%
GermanyNorth Rhine-Westphalia74,704Dorsten
2%
FranceProvence-Alpes-Côte d'Azur39,106Draguignan
2%
GreeceEast Macedonia and Thrace44,823Dráma
2%
FranceÎle-de-France72,109Drancy
2%
FranceCentre-Val de Loire30,664Dreux
2%
UkraineLviv75,396Drohobych
2%
RussiaMoscow74,985Dubna
2%
GermanyNorth Rhine-Westphalia46,657Dülmen
2%
HungaryFejér44,200Dunaújváros
2%
United KingdomEast of England34,157Dunstable
2%
SpainBasque Country30,118Durango
2%
GermanyBrandenburg40,699Eberswalde
2%
SpainAndalusia39,893Écija
2%
SpainBalearic Islands51,128Eivissa
2%
GermanySchleswig-Holstein49,983Elmshorn
2%
SpainAndalusia88,703El Puerto de Santa María
2%
GermanyBaden-Württemberg27,977Emmendingen
2%
GermanyNorth Rhine-Westphalia30,961Emmerich am Rhein
2%
GermanyNorth Rhine-Westphalia30,142Ennepetal
2%
United KingdomSouth East England35,314Epsom
2%
ItalyCampania51,588Ercolano (Resina)
2%
GermanyNorth Rhine-Westphalia50,010Erftstadt
2%
SpainBasque Country39,540Errenteria
2%
United KingdomSouth East England52,286Esher
2%
FranceÎle-de-France25,287Étampes
2%
NetherlandsNorth Brabant41,230Etten-Leur
2%
GermanyBaden-Württemberg39,373Ettlingen
2%
United KingdomSouth East England54,816Ewell
2%
ItalyMarche60,411Fano
2%
United KingdomSouth East England43,549Fareham
2%
United KingdomSouth East England27,386Farnham
2%
ItalyUmbria55,609Foligno
2%
GermanyBavaria32,260Forchheim
2%
BelgiumBrussels Capital56,581Forest
2%
GermanyRhineland-Palatinate48,762Frankenthal (Pfalz)
2%
GermanySaxony39,703Freital
2%
GermanyBavaria29,979Friedberg
2%
GermanyHesse29,401Friedberg (Hessen)
2%
CzechiaMoravia-Silesia55,557Frýdek-Místek
2%
GermanyBavaria37,004Fürstenfeldbruck
2%
GermanyBrandenburg31,965Fürstenwalde/Spree
2%
SpainBasque Country29,427Galdakao
2%
ItalyLombardy54,207Gallarate
2%
SpainValència75,798Gandia
2%
GermanyLower Saxony61,032Garbsen
2%
RussiaLeningrad91,685Gatchina
2%
SpainCatalonia47,057Gavà
2%
GermanyNorth Rhine-Westphalia27,470Geilenkirchen
2%
GermanyNorth Rhine-Westphalia33,730Geldern
2%
RussiaKrasnodar76,783Gelendzhik
2%
FranceÎle-de-France47,702Gennevilliers
2%
GermanyLower Saxony42,837Gifhorn
2%
NorwayInnlandet30,395Gjøvik
2%
GreeceAttica87,305Glyfáda
2%
PolandGreater Poland68,217Gniezno
2%
HungaryPest32,099Gödöllő
2%
BelarusMogilev30,500Gorki
2%
SpainCatalonia62,419Granollers
2%
United KingdomEast of England75,940Grays
2%
United KingdomScotland41,750Greenock
2%
GermanyNorth Rhine-Westphalia37,753Greven
2%
GermanyNorth Rhine-Westphalia63,743Grevenbroich
2%
GermanySaxony28,173Grimma
2%
ItalyUmbria31,516Gubbio
2%
ItalyLazio87,039Guidonia Montecelio
2%
RussiaKaliningrad28,484Gusev
2%
HungaryHeves29,176Gyöngyös
2%
HungaryBékés29,308Gyula
2%
FranceGrand-Est34,789Haguenau
2%
GermanySaxony-Anhalt40,329Halberstadt
2%
NorwayViken31,387Halden
2%
United KingdomWest Midlands59,669Halesowen
2%
GermanyNorth Rhine-Westphalia37,850Haltern am See
2%
United KingdomEast of England45,390Hatfield
2%
NorwayRogaland37,323Haugesund
2%
United KingdomSouth East England47,896Havant
2%
CzechiaMoravia-Silesia71,200Havířov
2%
United KingdomSouth East England38,509Haywards Heath
2%
GermanyNorth Rhine-Westphalia42,236Heinsberg
2%
NetherlandsSouth Holland36,445Hellevoetsluis
2%
SpainCastile-la Mancha30,200Hellín
2%
GermanyNorth Rhine-Westphalia34,062Hemer
2%
FranceHauts-de-France25,917Hénin-Beaumont
2%
DenmarkHovetstaden33,398Hillerød
2%
GermanyHesse39,647Hofheim am Taunus
2%
GermanyBaden-Württemberg25,082Horb am Neckar
2%
UkrainePoltava50,816Horishni Plavni
2%
United KingdomSouth East England51,265Horsham
2%
DenmarkHovetstaden47,499Hørsholm
2%
NetherlandsUtrecht45,585Houten
2%
GermanyNorth Rhine-Westphalia28,808Höxter
2%
GermanyNorth Rhine-Westphalia40,245Hückelhoven
2%
NetherlandsNorth Holland45,595Huizen
2%
SlovakiaPrešov32,834Humenné
2%
FinlandUusimaa46,470Hyvinkää
2%
NetherlandsUtrecht33,600IJsselstein
2%
United KingdomEast Midlands39,605Ilkeston
2%
United KingdomScotland33,780Irvine
2%
FranceProvence-Alpes-Côte d'Azur43,411Istres
2%
GermanySchleswig-Holstein31,803Itzehoe
2%
CzechiaLiberec45,773Jablonec nad Nisou
2%
SerbiaPomoravlje37,282Jagodina
2%
PolandSubcarpathia37,479Jarosław
2%
FinlandUusimaa43,711Järvenpää
2%
PolandSubcarpathia34,882Jasło
2%
SpainValència28,016Jávea
2%
GermanyNorth Rhine-Westphalia43,493Kaarst
2%
UkraineLuhansk74,053Kadiïvka
2%
UkraineKherson35,795Kakhovka
2%
GreeceCentral Macedonia91,518Kalamariá
2%
UkraineIvano-Frankivsk66,140Kalush
2%
RussiaRostov87,760Kamensk-Shakhtinsky
2%
RussiaVolgograd109,910Kamyshin
2%
TurkeyTekirdağ111,457Kapaklı
2%
SwedenÖrebro27,881Karlskoga
2%
CzechiaMoravia-Silesia52,128Karviná
2%
GreeceCentral Macedonia55,997Kateríni
2%
GermanyBavaria44,398Kaufbeuren
2%
PolandOpole60,641Kędzierzyn-Koźle
2%
GermanyNorth Rhine-Westphalia34,514Kempen
2%
FinlandUusimaa36,756Kerava
2%
TurkeyEdirne60,995Keşan
2%
GermanyNorth Rhine-Westphalia28,087Kevelaer
2%
RussiaDagestan145,109Khasavyurt
2%
UkraineTranscarpathia28,321Khust
2%
SerbiaNorth Banat38,065Kikinda
2%
RussiaIvanovo80,950Kineshma
2%
GermanyBaden-Württemberg40,783Kirchheim unter Teck
2%
FinlandUusimaa39,586Kirkkonummi
2%
RussiaStavropol128,779Kislovodsk
2%
RussiaBryansk62,992Klintsy
2%
PolandLower Silesia26,742Kłodzko
2%
AustriaLower Austria27,595Klosterneuburg
2%
BelgiumWest Flanders33,089Knokke-Heist
2%
BelarusBrest52,600Kobryn
2%
PolandWest Pomerania46,259Kołobrzeg
2%
SlovakiaNitra33,751Komárno
2%
NorwayViken27,694Kongsberg
2%
GermanyNorth Rhine-Westphalia41,277Königswinter
2%
UkraineZhytomyr62,833Korosten
2%
UkraineVolhynia68,240Kovel
2%
RussiaVladimir135,715Kovrov
2%
GreeceWest Macedonia41,066Kozáni
2%
PolandSubcarpathia46,291Krosno
2%
GermanyBavaria25,866Kulmbach
2%
SwedenVästra Götaland26,193Kungälv
2%
UkraineKharkiv27,584Kupiansk
2%
PolandŁódz43,911Kutno
2%
GermanyNorth Rhine-Westphalia34,858Lage
2%
GreeceCentral Greece52,006Lamía
2%
GermanyBavaria29,228Landsberg am Lech
2%
SwedenSkåne33,308Landskrona
2%
GermanyNorth Rhine-Westphalia59,178Langenfeld (Rheinland)
2%
GermanyLower Saxony54,652Langenhagen
2%
FranceProvence-Alpes-Côte d'Azur62,888La Seyne-sur-Mer
2%
United KingdomSouth East England33,355Leatherhead
2%
PolandPomerania35,273Lębork
2%
PolandMazovia53,886Legionowo
2%
GermanyLower Saxony44,030Lehrte
2%
SpainBasque Country32,013Leioa
2%
GermanyNorth Rhine-Westphalia40,619Lemgo
2%
GermanyBaden-Württemberg48,848Leonberg
2%
SpainAndalusia27,880Lepe
2%
SwedenStockholm44,232Lidingö
2%
United KingdomSouth East England59,171Littlehampton
2%
RussiaMoscow90,231Lobnya
2%
ItalyLombardy44,928Lodi
2%
BelgiumLimburg34,245Lommel
2%
PolandPodlachia62,945Łomża
2%
GermanyNorth Rhine-Westphalia25,541Lübbecke
2%
NetherlandsSouth Holland32,930Maassluis
2%
ItalyMarche41,047Macerata
2%
SpainMadrid72,155Majadahonda
2%
BelarusMinsk91,900Maladzyechna
2%
PolandPomerania38,345Malbork
2%
ItalyApulia55,517Manfredonia
2%
RomaniaConstanța36,364Mangalia
2%
FranceÎle-de-France44,227Mantes-la-Jolie
2%
FranceProvence-Alpes-Côte d'Azur48,420Martigues
2%
FranceÎle-de-France50,632Massy
2%
FranceHauts-de-France29,632Maubeuge
2%
RomaniaSibiu47,204Mediaș
2%
GermanyNorth Rhine-Westphalia56,415Meerbusch
2%
GermanyLower Saxony46,588Melle
2%
United KingdomEast Midlands27,670Melton Mowbray
2%
GermanyNorth Rhine-Westphalia52,608Menden (Sauerland)
2%
ItalyTrentino-South Tyrol41,008Merano
2%
GermanySaxony-Anhalt33,873Merseburg
2%
GermanySaarland29,795Merzig
2%
GermanyNorth Rhine-Westphalia29,786Meschede
2%
United KingdomNorth West England44,973Middleton
2%
PolandSubcarpathia60,323Mielec
2%
SpainAsturias37,537Mieres
2%
SpainAndalusia85,397Mijas
2%
PolandSilesia41,014Mikołów
2%
ItalyPiedmont56,737Moncalieri
2%
GermanyNorth Rhine-Westphalia40,948Monheim am Rhein
2%
ItalyApulia48,101Monopoli
2%
FranceBourgogne-Franche-Comté25,809Montbéliard
2%
FranceAuvergne-Rhône-Alpes39,415Montélimar
2%
FranceÎle-de-France48,734Montrouge
2%
SpainAndalusia58,460Motril
2%
BelgiumHainaut58,767Mouscron
2%
GermanyHesse28,652Mühlheim am Main
2%
GreeceNorth Aegean27,871Mytilene
2%
DenmarkSjælland43,803Næstved
2%
HungaryZala46,649Nagykanizsa
2%
RussiaMoscow64,902Naro-Fominsk
2%
GermanySaxony-Anhalt32,155Naumburg (Saale)
2%
RussiaIngushetia122,261Nazran
2%
GreeceAttica67,134Néa Ionía
2%
GreeceThessaly32,661Néa Ionía
2%
GermanyNorth Rhine-Westphalia42,496Nettetal
2%
GermanyBavaria29,793Neuburg an der Donau
2%
GermanyNorth Rhine-Westphalia27,187Neukirchen-Vluyn
2%
GermanyBavaria40,277Neumarkt in der Oberpfalz
2%
GermanyBrandenburg30,785Neuruppin
2%
GermanyRhineland-Palatinate64,765Neuwied
2%
United KingdomSouth East England42,109Newbury
2%
GermanyNorth Rhine-Westphalia38,667Niederkassel
2%
GermanyLower Saxony31,448Nienburg (Weser)
2%
GreeceAttica89,380Níkaia
2%
BelgiumEast Flanders39,251Ninove
2%
BelgiumWalloon Brabant28,883Nivelles
2%
FranceÎle-de-France32,922Nogent-sur-Marne
2%
United KingdomNorth West England48,519Northwich
2%
UkraineKherson45,422Nova Kakhovka
2%
RussiaChuvashia127,226Novocheboksarsk
2%
RussiaRostov106,534Novoshakhtinsk
2%
UkraineVolhynia51,010Novovolynsk
2%
GermanyBaden-Württemberg41,223Nürtingen
2%
GermanyHesse46,545Oberursel (Taunus)
2%
GermanyNorth Rhine-Westphalia29,238Oelde
2%
RussiaSamara26,306Oktyabrsk
2%
United KingdomWest Midlands25,740Oldbury
2%
UkraineKirovohrad78,366Oleksandriia
2%
PolandLower Silesia37,142Oleśnica
2%
SpainCatalonia35,926Olot
2%
RomaniaBacău39,172Onești
2%
SpainValència35,761Ontinyent
2%
NetherlandsNorth Brabant48,630Oosterhout
2%
SpainValència78,505Orihuela
2%
United KingdomNorth West England26,262Ormskirk
2%
SwedenVästernorrland33,436Örnsköldsvik
2%
PolandMazovia52,055Ostrołęka
2%
PolandHoly Cross68,338Ostrowiec Świętokrzyski
2%
BelgiumWalloon Brabant31,316Ottignies-Louvain-la-Neuve
2%
BelgiumEast Flanders31,612Oudenaarde
2%
PolandŁódz64,757Pabianice
2%
FranceÎle-de-France35,590Palaiseau
2%
SerbiaSouth Banat76,203Pančevo
2%
FranceÎle-de-France59,060Pantin
2%
HungaryVeszprém30,492Pápa
2%
SpainValència71,035Paterna
2%
UkraineMykolaiv64,103Pervomaisk
2%
UkraineLuhansk36,529Pervomaisk
2%
FranceNouvelle-Aquitaine64,374Pessac
2%
GermanyBavaria26,124Pfaffenhofen an der Ilm
2%
PolandSilesia55,030Piekary Śląskie
2%
SpainMadrid53,325Pinto
2%
ItalyTuscany33,180Piombino
2%
GermanySaxony38,422Pirna
2%
CzechiaSouth Bohemia30,415Písek
2%
UkraineDonetsk61,770Pokrovsk
2%
United KingdomYorkshire and the Humber31,280Pontefract
2%
United KingdomWales30,967Pontypridd
2%
NorwayVestfold og Telemark36,526Porsgrunn
2%
United KingdomWales38,104Port Talbot
2%
SpainBasque Country45,746Portugalete
2%
SerbiaBraničevo44,183Požarevac
2%
ItalyCampania79,407Pozzuoli
2%
CzechiaOlomouc42,871Přerov
2%
United KingdomNorth West England38,570Prescot
2%
SlovakiaTrenčín45,634Prievidza
2%
Bosnia and HerzegovinaRepublika Srpska27,970Prijedor
2%
SerbiaToplica27,333Prokuplje
2%
PolandMazovia62,317Pruszków
2%
SpainAndalusia29,943Puente Genil
2%
SpainCastile-la Mancha46,607Puertollano
2%
PolandLubusz47,417Puławy
2%
ItalySardinia68,283Quartu Sant'Elena
2%
United KingdomNorth West England31,844Radcliffe
2%
GermanySaxony33,894Radebeul
2%
SwitzerlandSt. Gallen27,277Rapperswil-Jona
2%
FinlandUusimaa27,536Raseborg
2%
GermanyBaden-Württemberg49,918Rastatt
2%
BelarusGomel66,400Rechytsa
2%
PolandPomerania26,307Reda
2%
United KingdomSouth East England37,818Redhill
2%
GermanyNorth Rhine-Westphalia30,854Rheinberg
2%
ItalyEmilia-Romagna35,055Riccione
2%
NetherlandsSouth Holland34,045Ridderkerk
2%
FinlandTavastia Proper28,793Riihimäki
2%
FranceÎle-de-France29,589Ris-Orangis
2%
FranceAuvergne-Rhône-Alpes34,004Roanne
2%
SpainAndalusia98,433Roquetas de Mar
2%
FranceÎle-de-France77,986Rueil-Malmaison
2%
SerbiaSrem30,076Ruma
2%
GermanyHesse65,881Rüsselsheim am Main
2%
United KingdomScotland31,140Rutherglen
2%
SerbiaMačva53,919Šabac
2%
FranceÎle-de-France30,038Saint-Cloud
2%
BelgiumBrussels Capital49,678Saint-Gilles
2%
FranceProvence-Alpes-Côte d'Azur28,511Saint-Laurent-du-Var
2%
FrancePays de la Loire27,383Saint-Sébastien-sur-Loire
2%
RussiaRostov56,832Salsk
2%
SpainCatalonia32,138Salt
2%
BulgariaSofia25,016Samokov
2%
GermanySaxony-Anhalt25,963Sangerhausen
2%
SpainMurcia25,932San Pedro del Pinatar
2%
SpainAndalusia31,571San Roque
2%
ItalyCampania32,455Santa Maria Capua Vetere
2%
SpainCatalonia84,500Sant Boi de Llobregat
2%
SpainCatalonia31,111Sant Pere de Ribes
2%
SpainBasque Country46,069Santurtzi
2%
FranceÎle-de-France58,811Sarcelles
2%
NorwayViken57,372Sarpsborg
2%
FranceÎle-de-France52,269Sartrouville
2%
FrancePays de la Loire26,599Saumur
2%
GermanyBavaria40,981Schwabach
2%
GermanyNorth Rhine-Westphalia46,195Schwerte
2%
RomaniaAlba27,019Sebeș
2%
GermanyNorth Rhine-Westphalia25,925Selm
2%
FranceBourgogne-Franche-Comté26,586Sens
2%
BelgiumLiège64,192Seraing
2%
SpainBasque Country27,452Sestao
2%
ItalyLombardy81,706Sesto San Giovanni
2%
CroatiaZagreb City54,085Sesvete
2%
RussiaMoscow126,109Shchyolkovo
2%
United KingdomYorkshire and the Humber28,779Shipley
2%
UkraineSumy74,125Shostka
2%
PolandSilesia66,841Siemianowice Śląskie
2%
BulgariaSilistra30,983Silistra
2%
GermanyBaden-Württemberg35,399Sinsheim
2%
SpainCatalonia29,553Sitges
2%
United KingdomSouth East England53,554Sittingbourne
2%
United KingdomEast Midlands25,641Skegness
2%
PolandŁódz48,089Skierniewice
2%
SwedenVästra Götaland39,210Skövde
2%
DenmarkSjælland34,015Slagelse
2%
RomaniaOlt70,293Slatina
2%
RussiaKrasnodar67,919Slavyansk-na-Kubani
2%
BelarusGrodno50,100Slonim
2%
SerbiaWest Bačka47,623Sombor
2%
RussiaKaliningrad38,963Sovetsk
2%
United KingdomEast Midlands36,334Spalding
2%
United KingdomSouth East England26,808Staines
2%
United KingdomSouth West England26,037St Austell
2%
GermanyNorth Rhine-Westphalia34,325Steinfurt
2%
United KingdomJersey33,522St. Helier
2%
North MacedoniaEast44,540Štip
2%
GermanyNorth Rhine-Westphalia56,466Stolberg (Rheinland)
2%
United KingdomWest Midlands64,931Stourbridge
2%
United KingdomSouth West England34,726Stroud
2%
RussiaMoscow65,908Stupino
2%
GermanySaarland25,809St. Wendel
2%
SpainValència27,566Sueca
2%
CzechiaOlomouc25,836Šumperk
2%
PolandLower Silesia56,803Świdnica
2%
PolandLubusz39,136Świdnik
2%
PolandSilesia49,557Świętochłowice
2%
SpainCastile-la Mancha83,663Talavera de la Reina
2%
FranceNouvelle-Aquitaine42,701Talence
2%
PolandPomerania59,951Tczew
2%
United KingdomEast of England27,290Thetford
2%
FranceGrand-Est40,477Thionville
2%
FranceAuvergne-Rhône-Alpes35,241Thonon-les-Bains
2%
BelgiumFlemish Brabant35,293Tienen
2%
RussiaKrasnodar57,098Tikhoretsk
2%
RussiaLeningrad58,116Tikhvin
2%
UkraineZaporizhia30,532Tokmak
2%
SpainCastile-la Mancha36,168Tomelloso
2%
NorwayVestfold og Telemark57,026Tønsberg
2%
SpainCatalonia33,439Tortosa
2%
ItalyApulia55,405Trani
2%
CzechiaVysočina35,451Třebíč
2%
FranceÎle-de-France36,230Tremblay-en-France
2%
GreeceThessaly61,653Tríkala
2%
CzechiaMoravia-Silesia35,002Třinec
2%
GreecePeloponnese30,866Tripoli
2%
United KingdomSouth West England43,451Trowbridge
2%
CzechiaHradec Králové30,234Trutnov
2%
RussiaKrasnodar61,180Tuapse
2%
SpainNavarre37,042Tudela
2%
GermanyBaden-Württemberg36,102Tuttlingen
2%
FinlandUusimaa38,599Tuusula
2%
United KingdomNorth East England69,678Tynemouth
2%
SwedenVästra Götaland36,121Uddevalla
2%
RussiaKomi93,716Ukhta
2%
GermanyBavaria25,285Unterhaching
2%
RussiaChechnya62,702Urus-Martan
2%
LithuaniaUtena25,296Utena
2%
HungaryPest32,828Vác
2%
SpainMadrid77,270Valdemoro
2%
FranceÎle-de-France27,466Vanves
2%
GermanyLower Saxony32,863Vechta
2%
NetherlandsNorth Brabant25,965Veghel
2%
GermanyNorth Rhine-Westphalia81,842Velbert
2%
SloveniaSavinja25,594Velenje
2%
RussiaPskov90,922Velikiye Luki
2%
FranceAuvergne-Rhône-Alpes67,129Vénissieux
2%
ItalyPiedmont30,293Verbania
2%
GermanyNorth Rhine-Westphalia25,318Verl
2%
RussiaMoscow77,018Vidnoye
2%
FranceCentre-Val de Loire25,725Vierzon
2%
ItalyLombardy62,969Vigevano
2%
FinlandUusimaa29,158Vihti
2%
SpainCatalonia67,197Viladecans
2%
ItalyVeneto33,579Villafranca di Verona
2%
FranceAuvergne-Rhône-Alpes36,288Villefranche-sur-Saône
2%
FranceÎle-de-France54,964Villejuif
2%
FranceÎle-de-France37,280Villepinte
2%
FranceÎle-de-France28,592Villiers-sur-Marne
2%
BelgiumFlemish Brabant45,495Vilvoorde
2%
FranceÎle-de-France49,635Vincennes
2%
CroatiaVukovar-Srijem32,029Vinkovci
2%
FranceÎle-de-France30,706Viry-Châtillon
2%
GermanyNorth Rhine-Westphalia36,017Voerde (Niederrhein)
2%
RussiaLeningrad44,256Volkhov
2%
GermanySaarland39,517Völklingen
2%
RussiaSaratov61,943Volsk
2%
CzechiaZlín25,974Vsetín
2%
GermanyBaden-Württemberg55,604Waiblingen
2%
GermanyLower Saxony30,081Walsrode
2%
United KingdomSouth East England69,213Walton-on-Thames
2%
GermanyNorth Rhine-Westphalia29,328Waltrop
2%
BelgiumWest Flanders38,350Waregem
2%
GermanyNorth Rhine-Westphalia37,157Warendorf
2%
BelgiumWalloon Brabant34,748Wavre
2%
GermanyBaden-Württemberg45,425Weinheim
2%
PolandPomerania49,505Wejherowo
2%
United KingdomEast Midlands53,165Wellingborough
2%
GermanyBrandenburg26,412Werder (Havel)
2%
GermanyNorth Rhine-Westphalia30,767Werl
2%
GermanyNorth Rhine-Westphalia34,719Wermelskirchen
2%
GermanySaxony-Anhalt32,534Wernigerode
2%
GermanyNorth Rhine-Westphalia36,347Wesseling
2%
GermanyNorth Rhine-Westphalia27,392Wetter (Ruhr)
2%
United KingdomNorth West England64,568Widnes
2%
NetherlandsGelderland33,160Wijchen
2%
GermanyNorth Rhine-Westphalia50,391Willich
2%
United KingdomNorth West England37,670Wilmslow
2%
United KingdomScotland30,250Wishaw
2%
United KingdomSouth East England48,356Wokingham
2%
BelgiumBrussels Capital57,712Woluwe-Saint-Lambert
2%
SpainValència29,623Xàtiva
2%
RussiaTatarstan73,962Yelabuga
2%
RussiaLipetsk102,313Yelets
2%
UkraineDonetsk77,355Yenakiieve
2%
RussiaStavropol113,056Yessentuki
2%
RussiaKrasnodar83,094Yeysk
2%
SwitzerlandVaud30,156Yverdon-les-Bains
2%
PolandLublin25,668Żagań
2%
RomaniaSălaj56,202Zalău
2%
BelgiumFlemish Brabant34,782Zaventem
2%
GermanySaxony-Anhalt27,601Zeitz
2%
PolandŁódz56,190Zgierz
2%
PolandLower Silesia30,231Zgorzelec
2%
RussiaKursk100,446Zheleznogorsk
2%
RussiaMoscow107,560Zhukovsky
2%
CzechiaSouth Moravia33,765Znojmo
2%
SlovakiaBanská Bystrica42,167Zvolen
2%
BelgiumFlemish Brabant30,183Aarschot
1%
ItalyLombardy32,568Abbiategrasso
1%
United KingdomWales31,396Aberdare
1%
ItalyCampania59,004Acerra
1%
GermanyBaden-Württemberg25,642Achern
1%
GreeceAttica59,704Agía Paraskeví
1%
GreeceAttica26,550Agía Varvára
1%
GreeceAttica34,168Ágioi Anárgyroi
1%
PortugalLisbon79,805Agualva-Cacém
1%
SpainMurcia35,722Águilas
1%
GermanySchleswig-Holstein33,728Ahrensburg
1%
HungaryVeszprém27,736Ajka
1%
SwedenStockholm36,275Åkersberga
1%
RussiaAstrakhan36,517Akhtubinsk
1%
SpainValència29,711Alaquàs
1%
RussiaChuvashia33,752Alatyr
1%
ItalyLazio39,611Albano Laziale
1%
ItalyVeneto25,874Albignasego
1%
GermanyBaden-Württemberg45,465Albstadt
1%
SpainMurcia42,345Alcantarilla
1%
SpainCastile-la Mancha30,766Alcázar de San Juan
1%
United KingdomWest Midlands39,466Aldridge
1%
FranceÎle-de-France44,287Alfortville
1%
SpainAndalusia41,170Alhaurín de la Torre
1%
SpainAndalusia25,358Alhaurín el Grande
1%
SwedenVästra Götaland27,501Alingsås
1%
SpainExtremadura33,855Almendralejo
1%
SpainAndalusia25,927Almuñécar
1%
SpainValència44,938Alzira
1%
PortugalLisbon40,513Amora
1%
BelgiumNamur27,573Andenne
1%
SpainAndalusia41,318Antequera
1%
RussiaKrasnodar39,488Apsheronsk
1%
SpainAndalusia30,818Arcos de la Frontera
1%
ItalyLazio48,715Ardea
1%
SpainMadrid56,678Arganda del Rey
1%
RussiaChechnya39,275Argun
1%
NetherlandsGelderland74,075Arnhem-zuid
1%
United KingdomEast Midlands39,495Arnold
1%
SpainMadrid32,935Arroyomolinos
1%
SpainGalicia32,738Arteixo
1%
GermanySaxony-Anhalt27,012Aschersleben
1%
BelarusMogilev29,900Asipovichy
1%
NorwayViken94,915Asker
1%
NorwayVestland29,594Askøy
1%
GreeceAttica30,251Asprópyrgos
1%
United KingdomNorth West England73,130Atherton
1%
BelgiumBrussels Capital34,404Auderghem
1%
ItalySicily34,657Augusta
1%
ItalyAbruzzo41,500Avezzano
1%
RussiaTatarstan34,197Aznakayevo
1%
SpainCastile-la Mancha35,407Azuqueca de Henares
1%
TurkeyKırklareli29,569Babaeski
1%
ItalyCampania25,844Bacoli
1%
GermanyNorth Rhine-Westphalia25,812Bad Honnef
1%
GermanyHesse32,447Bad Nauheim
1%
GermanyHesse34,216Bad Vilbel
1%
GermanyNorth Rhine-Westphalia27,093Baesweiler
1%
ItalyTuscany25,556Bagno a Ripoli
1%
FranceÎle-de-France35,442Bagnolet
1%
UkraineKharkiv27,249Balakliia
1%
RussiaSaratov75,773Balashov
1%
GermanyBaden-Württemberg34,332Balingen
1%
United KingdomNorth West England68,641Bamber Bridge
1%
RomaniaVaslui55,837Bârlad
1%
GermanyLower Saxony34,187Barsinghausen
1%
ItalyVeneto42,773Bassano del Grappa
1%
ItalyCampania50,411Battipaglia
1%
United KingdomScotland28,200Bearsden
1%
United KingdomNorth West England58,427Bebington
1%
United KingdomWest Midlands31,134Bedworth
1%
United KingdomEast Midlands54,131Beeston (Broxtowe)
1%
PolandŁódz56,973Bełchatów
1%
RussiaBashkortostan59,229Belebey
1%
RussiaKrasnodar51,590Belorechensk
1%
RussiaBashkortostan64,921Beloretsk
1%
SpainAndalusia69,144Benalmádena
1%
SpainValència27,363Benicarló
1%
GermanyHesse40,756Bensheim
1%
BelgiumBrussels Capital25,502Berchem-Sainte-Agathe
1%
UkraineZhytomyr74,839Berdychiv
1%
BelgiumLimburg46,598Beringen
1%
NetherlandsSouth Holland46,430Berkel en Rodenrijs / Bergschenhoek
1%
GermanySaxony-Anhalt32,573Bernburg (Saale)
1%
BelgiumEast Flanders49,047Beveren
1%
FranceÎle-de-France30,484Bezons
1%
PolandLower Silesia29,872Bielawa
1%
PolandLubusz26,329Biłgoraj
1%
United KingdomNorth East England34,169Billingham
1%
United KingdomWest Midlands33,518Bilston
1%
BelgiumLimburg32,477Bilzen
1%
BelgiumHainaut33,448Binche
1%
ItalyApulia54,629Bisceglie
1%
United KingdomEast of England40,815Bishop's Stortford
1%
ItalyApulia52,546Bitonto
1%
RussiaBashkortostan34,771Blagoveshchensk
1%
GermanyBrandenburg27,939Blankenfelde-Mahlow
1%
United KingdomSouth East England39,220Bletchley
1%
United KingdomWest Midlands52,240Bloxwich
1%
SpainMadrid56,734Boadilla del Monte
1%
PolandLesser Poland29,718Bochnia
1%
FranceÎle-de-France54,055Bondy
1%
RomaniaMaramureș27,611Borșa
1%
UkraineLviv33,186Boryslav
1%
FranceAuvergne-Rhône-Alpes28,494Bourgoin-Jallieu
1%
BelgiumWalloon Brabant40,170Braine-l'Alleud
1%
BelgiumAntwerp38,223Brasschaat
1%
ItalyLombardy26,376Bresso
1%
FranceÎle-de-France26,878Brétigny-sur-Orge
1%
UkraineLuhansk45,148Brianka
1%
United KingdomWales49,338Bridgend
1%
United KingdomSouth West England44,394Bridgwater
1%
United KingdomYorkshire and the Humber35,264Bridlington
1%
United KingdomYorkshire and the Humber33,874Brighouse
1%
PolandKuyavia-Pomerania28,880Brodnica
1%
FranceÎle-de-France25,354Brunoy
1%
GermanyLower Saxony39,729Buchholz in der Nordheide
1%
RussiaStavropol61,329Budyonnovsk
1%
RussiaOrenburg48,546Buguruslan
1%
GermanyBaden-Württemberg28,864Bühl
1%
United KingdomSouth East England32,495Burgess Hill
1%
SpainValència38,632Burjassot
1%
United KingdomWest Midlands28,831Burntwood
1%
United KingdomEast of England27,278Bushey
1%
GermanyHesse26,432Butzbach
1%
RussiaDagestan65,658Buynaksk
1%
BelarusBrest28,500Byaroza
1%
FranceÎle-de-France30,884Cachan
1%
MoldovaMoldova28,763Cahul
1%
ItalyCampania37,226Caivano
1%
SpainCatalonia27,601Calafell
1%
PortugalCentro27,652Caldas da Rainha
1%
ItalySicily36,151Caltagirone
1%
FranceAuvergne-Rhône-Alpes42,847Caluire-et-Cuire
1%
SpainCantabria30,320Camargo
1%
SpainAndalusia27,560Camas
1%
United KingdomSouth East England39,850Camberley
1%
SpainCatalonia34,734Cambrils
1%
RomaniaArgeș31,767Câmpulung
1%
SpainGalicia26,582Cangas
1%
ItalySicily34,697Canicattì
1%
ItalyApulia28,973Canosa di Puglia
1%
United KingdomEast of England38,849Canvey Island
1%
RomaniaOlt30,954Caracal
1%
SpainMurcia25,688Caravaca de la Cruz
1%
ItalySardinia26,813Carbonia
1%
United KingdomEast Midlands50,815Carlton (Gedling)
1%
ItalyPiedmont28,485Carmagnola
1%
United KingdomNorthern Ireland27,540Carrickfergus
1%
SpainAndalusia26,738Cártama
1%
ItalyCampania74,949Casoria
1%
ItalyLazio36,201Cassino
1%
ItalyEmilia-Romagna32,983Castelfranco Emilia
1%
ItalyVeneto33,459Castelfranco Veneto
1%
ItalyCampania64,466Castellammare di Stabia
1%
TurkeyIstanbul47,162Çatalca
1%
SpainValència28,608Catarroja
1%
FranceNouvelle-Aquitaine25,292Cenon
1%
ItalyEmilia-Romagna35,540Cento
1%
SpainCatalonia57,855Cerdanyola del Vallès
1%
ItalyLombardy34,828Cernusco sul Naviglio
1%
ItalyEmilia-Romagna28,555Cervia
1%
ItalyEmilia-Romagna26,078Cesenatico
1%
United KingdomNorth West England36,208Chadderton
1%
GreeceAttica74,192Chalandri
1%
FranceÎle-de-France25,610Champs-sur-Marne
1%
BelgiumHainaut35,668Châtelet
1%
FranceNouvelle-Aquitaine31,733Châtellerault
1%
FranceÎle-de-France34,170Châtenay-Malabry
1%
FranceÎle-de-France37,010Châtillon
1%
FranceÎle-de-France30,330Chatou
1%
RussiaPerm82,382Chaykovsky
1%
United KingdomNorth West England25,394Cheadle Hulme
1%
RussiaKaliningrad35,398Chernyakhovsk
1%
ItalyLiguria27,465Chiavari
1%
ItalyPiedmont36,413Chieri
1%
ItalyVeneto48,435Chioggia
1%
RussiaTatarstan59,446Chistopol
1%
UkraineOdessa58,934Chornomorsk
1%
PolandLesser Poland36,575Chrzanów
1%
UkraineKharkiv31,861Chuhuiv
1%
ItalyLazio38,250Ciampino
1%
SpainMadrid25,104Ciempozuelos
1%
SpainMurcia35,283Cieza
1%
ItalyLombardy74,142Cinisello Balsamo
1%
ItalyMarche42,167Civitanova Marche
1%
United KingdomEast Midlands37,300Coalville
1%
ItalyPiedmont49,539Collegno
1%
ItalyLombardy47,000Cologno Monzese
1%
United KingdomWales28,233Colwyn Bay
1%
FranceÎle-de-France35,656Conflans-Sainte-Honorine
1%
United KingdomNorth West England26,380Congleton
1%
United KingdomNorth East England25,812Consett
1%
GermanyBaden-Württemberg34,536Crailsheim
1%
United KingdomNorth East England27,384Cramlington
1%
United KingdomNorth West England50,193Crosby
1%
SpainGalicia30,685Culleredo
1%
RomaniaArgeș27,359Curtea de Argeș
1%
PolandSilesia35,925Czechowice-Dziedzice
1%
PolandSilesia31,405Czeladź
1%
PolandSilesia28,134Czerwionka-Leszczyny
1%
RussiaDagestan29,716Dagestanskiye Ogni
1%
United KingdomNorth West England27,311Darwen
1%
PolandSubcarpathia45,504Dębica
1%
NetherlandsUtrecht32,205De Bilt
1%
FranceAuvergne-Rhône-Alpes28,604Décines-Charpieu
1%
BelgiumEast Flanders43,580Deinze
1%
RomaniaCluj33,497Dej
1%
GermanyNorth Rhine-Westphalia31,989Delbrück
1%
BelgiumEast Flanders45,870Dendermonde
1%
ItalyLombardy29,250Desenzano del Garda
1%
RussiaSmolensk27,225Desnogorsk
1%
United KingdomSouth East England29,922Didcot
1%
SwitzerlandZürich27,746Dietikon
1%
GermanyHesse34,298Dietzenbach
1%
LuxembourgEsch-sur-Alzette27,409Differdange
1%
United KingdomSouth East England27,566Ditton
1%
RussiaTula62,621Donskoy
1%
UkraineLuhansk63,184Dovzhansk
1%
FranceÎle-de-France28,741Draveil
1%
GermanyHesse42,102Dreieich
1%
UkraineDonetsk55,984Druzhkivka
1%
MoldovaTransnistria25,060Dubăsari
1%
SwitzerlandZürich29,303Dübendorf
1%
UkraineRivne37,464Dubno
1%
HungaryPest43,604Dunakeszi
1%
BulgariaKyustendil29,134Dupnitsa
1%
RussiaBryansk26,161Dyatkovo
1%
RussiaBashkortostan31,021Dyurtyuli
1%
RussiaMoscow56,376Dzerzhinsky
1%
Russia / UkraineCrimea38,007Dzhankoy
1%
PolandLower Silesia33,137Dzierżoniów
1%
United KingdomSouth East England30,664East Grinstead
1%
FranceÎle-de-France25,139Eaubonne
1%
ItalyCampania38,750Eboli
1%
United KingdomNorth West England41,552Eccles
1%
FranceAuvergne-Rhône-Alpes36,961Échirolles
1%
GreeceAttica69,946Egaleo
1%
United KingdomSouth East England29,539Egham
1%
GermanyBaden-Württemberg26,293Ehingen (Donau)
1%
GermanyLower Saxony30,689Einbeck
1%
FranceÎle-de-France25,575Élancourt
1%
SpainValència52,813Elda
1%
GreeceCentral Macedonia27,067Elefthério - Kordelió
1%
SpainCatalonia38,373El Vendrell
1%
GermanyNorth Rhine-Westphalia36,029Emsdetten
1%
FranceÎle-de-France54,771Épinay-sur-Seine
1%
GermanyNorth Rhine-Westphalia43,992Erkrath
1%
FranceÎle-de-France29,079Ermont
1%
SpainCatalonia47,150Esplugues de Llobregat
1%
BelgiumBrussels Capital48,473Etterbeek
1%
BelgiumBrussels Capital42,656Evere
1%
United KingdomWest Midlands28,482Evesham
1%
RomaniaBrașov30,714Făgăraș
1%
ItalyMarche25,780Falconara Marittima
1%
GermanyBrandenburg43,994Falkensee
1%
RomaniaSuceava25,723Fălticeni
1%
United KingdomNorth West England28,384Farnworth
1%
UkraineKiev45,393Fastiv
1%
GermanyBaden-Württemberg45,669Fellbach
1%
ItalyEmilia-Romagna27,012Fidenza
1%
PortugalCentro30,012Figueira da Foz
1%
GermanyBaden-Württemberg46,083Filderstadt
1%
United KingdomSouth West England70,004Filton
1%
RomaniaVrancea79,315Focșani
1%
FranceÎle-de-France25,342Fontenay-aux-Roses
1%
FranceÎle-de-France52,256Fontenay-sous-Bois
1%
ItalyLazio31,441Fonte Nuova
1%
ItalyLazio37,549Formia
1%
FranceÎle-de-France37,010Franconville
1%
SwitzerlandThurgau25,781Frauenfeld
1%
FranceÎle-de-France28,230Fresnes
1%
GermanyHesse25,234Friedrichsdorf
1%
RussiaVolgograd36,235Frolovo
1%
RussiaMoscow59,535Fryazino
1%
RussiaSmolensk28,866Gagarin
1%
GermanyBaden-Württemberg29,884Gaggenau
1%
FranceÎle-de-France39,618Gagny
1%
SpainMadrid34,497Galapagar
1%
GermanyLower Saxony31,360Ganderkesee
1%
BelgiumBrussels Capital25,234Ganshoren
1%
FranceÎle-de-France42,956Garges-lès-Gonesse
1%
BelgiumAntwerp40,709Geel
1%
GermanySchleswig-Holstein30,688Geesthacht
1%
GermanyLower Saxony30,847Geestland (Langen - Bad Bederkesa)
1%
GermanyBaden-Württemberg28,328Geislingen an der Steige
1%
BelgiumNamur26,141Gembloux
1%
RussiaStavropol66,436Georgiyevsk
1%
GermanyLower Saxony31,756Georgsmarienhütte
1%
BelgiumEast Flanders33,649Geraardsbergen
1%
GermanyBavaria25,438Geretsried
1%
GermanyBavaria40,399Germering
1%
GermanyNorth Rhine-Westphalia30,701Gevelsberg
1%
ItalySicily26,733Giarre
1%
ItalyApulia27,114Gioia del Colle
1%
PolandWarmia-Masuria29,307Giżycko
1%
RussiaUdmurtia92,334Glazov
1%
United KingdomEast Midlands33,459Glossop
1%
GermanyNorth Rhine-Westphalia34,205Goch
1%
FranceÎle-de-France26,019Gonesse
1%
PolandLesser Poland27,357Gorlice
1%
BulgariaVratsa28,429Gorna Oryahovitsa
1%
North MacedoniaPolog37,080Gostivar
1%
FranceÎle-de-France30,642Goussainville
1%
FranceNouvelle-Aquitaine25,435Gradignan
1%
GermanyHesse27,473Griesheim
1%
FranceÎle-de-France28,265Grigny
1%
PolandMazovia32,125Grodzisk Mazowiecki
1%
GermanyHesse25,559Groß-Gerau
1%
ItalyApulia31,189Grottaglie
1%
RussiaBelgorod86,229Gubkin
1%
RussiaVladimir52,779Gus-Khrustalny
1%
GermanyMecklenburg-Western Pomerania29,083Güstrow
1%
FranceÎle-de-France29,332Guyancourt
1%
GermanyNorth Rhine-Westphalia26,858Hamminkeln
1%
BelgiumWest Flanders28,502Harelbeke
1%
United KingdomEast of England31,613Harpenden
1%
GermanyNorth Rhine-Westphalia25,163Harsewinkel
1%
GermanyHesse27,674Hattersheim am Main
1%
United KingdomEast of England27,481Haverhill
1%
United KingdomSouth East England26,506Hedge End
1%
GermanyNorth Rhine-Westphalia26,345Heiligenhaus
1%
BelgiumAntwerp42,950Heist-op-den-Berg
1%
GermanyLower Saxony25,712Helmstedt
1%
GermanyNorth Rhine-Westphalia47,290Hennef (Sieg)
1%
GermanyBrandenburg26,345Hennigsdorf
1%
GermanySchleswig-Holstein28,104Henstedt-Ulzburg
1%
GermanyHesse26,097Heppenheim (Bergstraße)
1%
FranceÎle-de-France30,095Herblay
1%
BelgiumAntwerp28,272Herentals
1%
United KingdomSouth East England40,876Herne Bay
1%
GermanyBaden-Württemberg31,738Herrenberg
1%
BelgiumLiège40,190Herstal
1%
GermanyNorth Rhine-Westphalia46,375Herzogenrath
1%
United KingdomNorth West England29,436Heswall
1%
BelgiumLimburg33,892Heusden-Zolder
1%
United KingdomNorth West England30,323Heywood
1%
United KingdomEast Midlands49,741Hinckley
1%
United KingdomEast of England36,551Hitchin
1%
DenmarkNordjylland25,780Hjørring
1%
UkraineSumy32,686Hlukhiv
1%
United KingdomEast of England43,927Hoddesdon
1%
HungaryCsongrád43,311Hódmezővásárhely
1%
GermanyBrandenburg26,283Hohen Neuendorf
1%
DenmarkSjælland28,833Holbæk
1%
DenmarkMidtjylland36,643Holstebro
1%
UkraineLuhansk26,967Holubivka
1%
NetherlandsSouth Holland34,455Hoogvliet
1%
United KingdomSouth East England49,381Horndean
1%
FranceÎle-de-France32,449Houilles
1%
BelgiumLimburg30,550Houthalen-Helchteren
1%
United KingdomEast Midlands35,797Hucknall
1%
RomaniaVaslui26,266Huși
1%
United KingdomNorth West England35,576Hyde (Tameside)
1%
GermanyRhineland-Palatinate28,520Idar-Oberstein
1%
ItalyVeneto26,056Iesolo
1%
ItalySardinia25,941Iglesias
1%
SpainCatalonia40,742Igualada
1%
PolandWarmia-Masuria33,327Iława
1%
GreeceAttica84,793Ilio
1%
GreeceAttica78,153Ilioupoli
1%
FranceGrand-Est26,830Illkirch-Graffenstaden
1%
SpainBalearic Islands33,679Inca
1%
SerbiaSrem26,025Inđija
1%
NorwayViken45,201Indre Østfold
1%
GermanyRhineland-Palatinate35,193Ingelheim am Rhein
1%
RussiaBashkortostan64,386Ishimbay
1%
RussiaMoscow33,558Istra
1%
RussiaDagestan60,453Izberbash
1%
BelgiumWest Flanders28,322Izegem
1%
HungaryJász-Nagykun-Szolnok27,439Jászberény
1%
ItalyMarche39,579Jesi
1%
BelgiumBrussels Capital52,728Jette
1%
LithuaniaKaunas26,123Jonava
1%
FranceCentre-Val de Loire38,250Joué-lès-Tours
1%
FinlandSouthwest Finland33,937Kaarina
1%
BelarusGomel37,700Kalinkavichy
1%
UkraineKhmelnytskyi98,970Kamianets-Podilskyi
1%
RussiaChuvashia44,795Kanash
1%
RussiaMurmansk30,379Kandalaksha
1%
FinlandPirkanmaa31,868Kangasala
1%
GreeceThessaly38,554Kardítsa
1%
RussiaMoscow47,392Kashira
1%
RussiaRyazan29,240Kasimov
1%
BulgariaStara Zagora44,699Kazanlǎk
1%
HungaryBorsod-Abaúj-Zemplén25,981Kazincbarcika
1%
GermanyHesse29,075Kelkheim (Taunus)
1%
GreeceAttica77,077Keratsini
1%
PolandWarmia-Masuria27,056Kętrzyn
1%
UkraineDonetsk56,551Khartsyzk
1%
UkraineLuhansk79,957Khrustalni
1%
UkraineDonetsk53,945Khystyakove
1%
United KingdomWest Midlands26,276Kidsgrove
1%
GreeceAttica47,332Kifisiá
1%
United KingdomWest Midlands51,099Kingswinford
1%
United KingdomNorth West England43,796Kirkby
1%
United KingdomEast Midlands28,650Kirkby-in-Ashfield
1%
RussiaLeningrad26,887Kirovsk
1%
RussiaMurmansk26,020Kirovsk
1%
HungaryBács-Kiskun29,306Kiskunfélegyháza
1%
HungaryBács-Kiskun27,017Kiskunhalas
1%
RussiaDagestan49,412Kizlyar
1%
PolandSilesia38,112Knurów
1%
DenmarkSjælland37,754Køge
1%
UkraineIvano-Frankivsk61,265Kolomyia
1%
GreeceEast Macedonia and Thrace50,990Komotiní
1%
RussiaKarelia29,218Kondopoga
1%
GermanyBavaria28,059Königsbrunn
1%
SwitzerlandBern42,044Köniz
1%
UkraineSumy85,603Konotop
1%
GermanyBaden-Württemberg33,825Kornwestheim
1%
GermanyNorth Rhine-Westphalia33,251Korschenbroich
1%
UkraineDonetsk69,817Kostiantynivka
1%
RussiaKarelia29,634Kostomuksha
1%
RussiaMoscow49,023Kotelniki
1%
GermanySaxony-Anhalt25,641Köthen (Anhalt)
1%
RussiaArkhangelsk61,990Kotlas
1%
PolandLubusz34,230Kraśnik
1%
RussiaPerm52,537Krasnokamsk
1%
RussiaMoscow43,191Krasnoznamensk
1%
RussiaRostov37,627Krasny Sulin
1%
GermanyNorth Rhine-Westphalia31,122Kreuztal
1%
SwitzerlandLucerne27,847Kriens
1%
CzechiaSouth Moravia28,620Kroměříž
1%
RussiaKrasnodar77,655Kropotkin
1%
RussiaNizhny Novgorod67,797Kstovo
1%
RussiaLeningrad41,102Kudrovo
1%
RussiaPerm30,425Kudymkar
1%
RussiaBashkortostan59,478Kumertau
1%
RussiaPerm64,898Kungur
1%
RussiaKursk38,125Kurchatov
1%
RussiaPenza80,497Kuznetsk
1%
PolandPomerania38,418Kwidzyn
1%
GermanyLower Saxony41,606Laatzen
1%
RussiaKrasnodar59,330Labinsk
1%
SwitzerlandNeuchâtel37,494La Chaux-de-Fonds
1%
FranceProvence-Alpes-Côte d'Azur35,281La Ciotat
1%
FranceÎle-de-France43,946La Courneuve
1%
FranceHauts-de-France27,415Lambersart
1%
GermanyHesse32,598Lampertheim
1%
BelgiumLimburg25,884Lanaken
1%
ItalyAbruzzo34,538Lanciano
1%
SwitzerlandGeneva33,377Lancy
1%
SpainAsturias39,183Langreo
1%
NorwayVestfold og Telemark47,499Larvik
1%
FranceNouvelle-Aquitaine26,248La Teste-de-Buch
1%
GermanyBavaria26,483Lauf an der Pegnitz
1%
SerbiaBelgrade26,006Lazarevac
1%
FranceÎle-de-France57,150Le Blanc-Mesnil
1%
FranceProvence-Alpes-Côte d'Azur41,471Le Cannet
1%
FranceÎle-de-France31,306Le Chesnay-Rocquencourt
1%
ItalyVeneto25,230Legnago
1%
ItalyLombardy59,308Legnano
1%
GermanyNorth Rhine-Westphalia28,000Leichlingen (Rheinland)
1%
United KingdomEast of England42,573Leighton Buzzard
1%
GermanyBaden-Württemberg27,044Leimen
1%
GermanyBaden-Württemberg40,165Leinfelden-Echterdingen
1%
RussiaTatarstan61,695Leninogorsk
1%
GermanyNorth Rhine-Westphalia25,308Lennestadt
1%
AustriaUpper Austria28,943Leonding
1%
FranceÎle-de-France33,793Le Perreux-sur-Marne
1%
FranceÎle-de-France29,665Le Plessis-Robinson
1%
SwedenVästra Götaland28,282Lerum
1%
FranceÎle-de-France32,949Les Mureaux
1%
FrancePays de la Loire44,355Les Sables-d'Olonne
1%
United KingdomEast of England34,503Letchworth Garden City
1%
NetherlandsUtrecht25,600Leusden
1%
SlovakiaNitra32,735Levice
1%
United KingdomNorth West England40,198Leyland
1%
ItalySicily35,496Licata
1%
FranceHauts-de-France30,423Liévin
1%
FranceÎle-de-France27,684Limeil-Brévannes
1%
SlovakiaŽilina31,000Liptovský Mikuláš
1%
RussiaVoronezh53,504Liski
1%
RussiaOryol47,165Livny
1%
FranceÎle-de-France45,012Livry-Gargan
1%
United KingdomSouth East England46,293Locks Heath
1%
GermanyNorth Rhine-Westphalia30,453Lohmar
1%
GermanyNorth Rhine-Westphalia39,915Löhne
1%
GermanyLower Saxony26,935Lohne (Oldenburg)
1%
SpainAndalusia38,548Los Palacios y Villafranca
1%
United KingdomEast of England33,088Loughton
1%
PortugalLisbon43,127Loures
1%
PolandŁódz28,224Łowicz
1%
UkraineKharkiv54,618Lozova
1%
UkrainePoltava45,032Lubny
1%
PolandGreater Poland31,941Luboń
1%
SlovakiaBanská Bystrica27,739Lučenec
1%
GermanyBrandenburg26,800Ludwigsfelde
1%
RomaniaTimiș40,361Lugoj
1%
RussiaMoscow30,443Lukhovitsy
1%
PolandLubusz29,728Łuków
1%
FranceOccitanie26,273Lunel
1%
AlbaniaFier27,000Lushnjë
1%
RussiaMoscow59,150Lytkarino
1%
BelgiumLimburg25,310Maaseik
1%
BelgiumLimburg38,933Maasmechelen
1%
United KingdomNorth West England25,877Maghull
1%
PortugalNorte40,134Maia
1%
GermanyHesse39,553Maintal
1%
SpainAndalusia46,555Mairena del Aljarafe
1%
FranceÎle-de-France55,899Maisons-Alfort
1%
FranceÎle-de-France30,711Malakoff
1%
RussiaKaluga27,795Maloyaroslavets
1%
UkraineZhytomyr25,831Malyn
1%
SpainBalearic Islands44,527Manacor
1%
ItalyApulia30,247Manduria
1%
SpainValència31,240Manises
1%
ItalyCampania58,132Marano di Napoli
1%
FranceHauts-de-France38,570Marcq-en-Baroeul
1%
FranceProvence-Alpes-Côte d'Azur32,793Marignane
1%
ItalyLazio44,744Marino
1%
United KingdomEast Midlands26,059Market Harborough
1%
PolandMazovia35,461Marki
1%
RussiaSaratov30,743Marks
1%
GreeceAttica72,333Marousi
1%
SpainBalearic Islands37,724Marratxí
1%
SwedenStockholm29,433Märsta
1%
ItalyApulia47,813Martina Franca
1%
SpainCatalonia28,772Martorell
1%
PortugalNorte49,486Matosinhos
1%
ItalySicily50,346Mazara del Vallo
1%
LithuaniaTelšiai32,201Mažeikiai
1%
GermanyNorth Rhine-Westphalia27,714Mechernich
1%
RomaniaConstanța39,780Medgidia
1%
BelgiumWest Flanders33,540Menen
1%
GreeceAttica29,891Metamorfosi
1%
FranceÎle-de-France45,748Meudon
1%
FranceAuvergne-Rhône-Alpes34,151Meyzieu
1%
SlovakiaKošice38,776Michalovce
1%
RussiaTambov90,722Michurinsk
1%
RomaniaHarghita38,966Miercurea Ciuc
1%
RussiaVolgograd57,447Mikhaylovka
1%
RussiaStavropol95,721Mikhaylovsk
1%
ItalySicily29,935Milazzo
1%
RussiaRostov34,464Millerovo
1%
RomaniaArgeș31,998Mioveni
1%
FranceProvence-Alpes-Côte d'Azur26,668Miramas
1%
SpainValència44,320Mislata
1%
ItalySicily49,307Misterbianco
1%
PolandMazovia31,246Mława
1%
ItalySicily53,658Modica
1%
ItalyVeneto27,751Mogliano Veneto
1%
ItalyApulia58,145Molfetta
1%
SpainMurcia73,095Molina de Segura
1%
SpainCatalonia25,940Molins de Rei
1%
SpainCatalonia51,600Mollet del Vallès
1%
ItalySicily37,211Monreale
1%
SpainCatalonia36,803Montcada i Reixac
1%
ItalyAbruzzo53,212Montesilvano
1%
FranceÎle-de-France27,201Montfermeil
1%
ItalyLombardy25,774Montichiari
1%
FranceÎle-de-France32,575Montigny-le-Bretonneux
1%
PortugalLisbon36,159Montijo
1%
FranceAuvergne-Rhône-Alpes34,938Montluçon
1%
GermanyHesse34,891Mörfelden-Walldorf
1%
United KingdomYorkshire and the Humber29,893Morley
1%
SpainAndalusia27,633Morón de la Frontera
1%
BelgiumAntwerp26,157Mortsel
1%
GreeceAttica25,441Moschato
1%
RussiaMoscow30,066Mozhaysk
1%
RussiaUdmurtia48,986Mozhga
1%
RussiaOryol36,627Mtsensk
1%
GermanyBaden-Württemberg26,130Mühlacker
1%
RussiaLeningrad64,939Murino
1%
UkrainePoltava39,099Myrhorod
1%
UkraineDonetsk47,460Myrnohrad
1%
PolandSilesia31,585Myszków
1%
NetherlandsSouth Holland25,530Naaldwijk / Honselersdijk
1%
ItalyApulia30,757Nardò
1%
RussiaArkhangelsk / Nenets Autonomous Okrug25,151Naryan-Mar
1%
SpainMadrid29,985Navalcarnero
1%
IrelandLeinster28,399Navan
1%
RomaniaConstanța32,981Năvodari
1%
GreeceAttica25,734Néa Filadélfeia
1%
GreeceAttica73,076Néa Smýrni
1%
GermanyBaden-Württemberg26,528Neckarsulm
1%
United KingdomNorth West England31,722Nelson (Pendle)
1%
ItalyLazio47,754Nettuno
1%
GermanyHesse38,105Neu-Isenburg
1%
RussiaStavropol116,751Nevinnomyssk
1%
United KingdomNorthern Ireland29,280Newtownards
1%
ItalyPiedmont46,957Nichelino
1%
SpainAndalusia31,666Níjar
1%
ItalyCampania34,266Nola
1%
GermanyLower Saxony26,139Nordenham
1%
GermanyLower Saxony29,098Northeim
1%
United KingdomSouth East England30,060Northfleet
1%
SpainValència25,741Novelda
1%
SlovakiaNitra37,512Nové Zámky
1%
RussiaArkhangelsk37,699Novodvinsk
1%
BelarusGrodno28,500Novogrudok
1%
UkraineZhytomyr55,790Novohrad-Volynskyi
1%
UkraineLviv31,218Novoiavorivsk
1%
RussiaSamara100,455Novokuybyshevsk
1%
RussiaOrenburg83,647Novotroitsk
1%
RussiaBryansk39,510Novozybkov
1%
PolandMazovia28,679Nowy Dwór Mazowiecki
1%
RussiaTatarstan32,014Nurlat
1%
FinlandUusimaa42,993Nurmijärvi
1%
PolandOpole43,681Nysa
1%
UkraineKiev33,419Obukhiv
1%
PortugalLisbon56,847Odivelas
1%
RomaniaHarghita34,257Odorheiu Secuiesc
1%
UkraineSumy47,603Okhtyrka
1%
RussiaBashkortostan114,100Oktyabrsky
1%
PolandLower Silesia33,108Oława
1%
GermanyBavaria27,985Olching
1%
SpainGalicia36,534Oleiros
1%
PortugalAlgarve28,630Olhão da Restauração
1%
SpainValència25,224Oliva
1%
PolandLesser Poland35,170Olkusz
1%
CzechiaMoravia-Silesia28,735Orlová
1%
HungaryBékés27,236Orosháza
1%
FrancePays de la Loire26,924Orvault
1%
GermanyLower Saxony30,256Osterholz-Scharmbeck
1%
GermanyBaden-Württemberg39,312Ostfildern
1%
PolandWarmia-Masuria32,888Ostróda
1%
ItalyApulia30,633Ostuni
1%
PolandMazovia44,635Otwock
1%
FranceAuvergne-Rhône-Alpes26,583Oullins
1%
GermanyNorth Rhine-Westphalia27,100Overath
1%
BelgiumFlemish Brabant25,497Overijse
1%
HungaryBorsod-Abaúj-Zemplén32,214Ózd
1%
ItalyLombardy47,380Paderno Dugnano
1%
United KingdomSouth West England67,179Paignton
1%
GreeceAttica64,021Palaio Faliro
1%
SerbiaPomoravlje25,104Paraćin
1%
SpainMadrid25,917Paracuellos de Jarama
1%
RussiaKomi38,229Pechora
1%
United KingdomWales30,010Penarth
1%
UkraineKiev26,786Pereiaslav-Khmelnytskyi
1%
RussiaYaroslavl37,943Pereslavl-Zalessky
1%
UkraineKharkiv29,357Pervomaiskyi
1%
United KingdomNorth East England26,665Peterlee
1%
GermanyNorth Rhine-Westphalia25,119Petershagen
1%
SpainValència34,241Petrer
1%
BulgariaBlagoevgrad26,932Petrich
1%
RomaniaHunedoara37,160Petroșani
1%
GreeceAttica58,979Petroupoli
1%
GermanyHesse25,096Pfungstadt
1%
PolandMazovia48,450Piaseczno
1%
FranceÎle-de-France30,828Pierrefitte-sur-Seine
1%
SpainCatalonia27,984Pineda de Mar
1%
ItalyPiedmont35,695Pinerolo
1%
FranceÎle-de-France31,013Plaisir
1%
United KingdomSouth West England26,115Plymstock
1%
UkraineOdessa40,023Podilsk
1%
ItalyTuscany28,763Poggibonsi
1%
FranceÎle-de-France38,313Poissy
1%
PolandWest Pomerania32,490Police
1%
ItalyLazio61,346Pomezia
1%
FranceÎle-de-France37,867Pontault-Combault
1%
United KingdomWales29,166Pontypool
1%
ItalyCampania53,485Portici
1%
United KingdomSouth West England26,535Portishead
1%
PortugalLisbon29,348Póvoa de Santa Iria
1%
PortugalNorte40,053Póvoa de Varzim
1%
SpainMadrid87,165Pozuelo de Alarcón
1%
SpainCatalonia28,531Premià de Mar
1%
CzechiaCentral Bohemia32,503Příbram
1%
RussiaKrasnodar32,349Primorsko-Akhtarsk
1%
CzechiaOlomouc43,651Prostějov
1%
PolandPomerania31,326Pruszcz Gdański
1%
UkraineChernihiv53,395Pryluky
1%
PolandSilesia25,833Pszczyna
1%
GreeceWest Macedonia32,127Ptolemaida
1%
United KingdomYorkshire and the Humber33,766Pudsey
1%
RussiaSaratov40,656Pugachyov
1%
FranceÎle-de-France44,837Puteaux
1%
ItalyCampania39,451Quarto
1%
PolandSilesia54,739Racibórz
1%
GermanyBaden-Württemberg31,496Radolfzell am Bodensee
1%
PolandŁódz45,843Radomsko
1%
BelarusGomel33,000Rahachow
1%
FranceÎle-de-France26,933Rambouillet
1%
ItalyLiguria29,178Rapallo
1%
SpainGalicia29,241Redondela
1%
GermanySchleswig-Holstein27,950Reinbek
1%
GermanyBaden-Württemberg26,539Remseck am Neckar
1%
ItalyCalabria35,634Rende
1%
RomaniaCaraș-Severin73,282Reșița
1%
GreeceCrete32,468Rethymno
1%
GermanyNorth Rhine-Westphalia26,986Rheinbach
1%
GermanyBaden-Württemberg33,083Rheinfelden (Baden)
1%
MoldovaTransnistria47,949Rîbnița
1%
United KingdomEast of England25,305Rickmansworth
1%
GermanyNorth Rhine-Westphalia29,545Rietberg
1%
NetherlandsOverijssel27,585Rijssen
1%
SpainAndalusia48,768Rincón de la Victoria
1%
NorwayViken30,835Ringerike
1%
GermanyLower Saxony25,424Rinteln
1%
PortugalNorte64,815Rio Tinto
1%
ItalyPiedmont47,597Rivoli
1%
GermanyHesse28,249Rödermark
1%
GermanyHesse45,719Rodgau
1%
FranceÎle-de-France28,536Romainville
1%
FranceAuvergne-Rhône-Alpes33,160Romans-sur-Isère
1%
UkraineSumy38,947Romny
1%
BelgiumEast Flanders26,374Ronse
1%
RomaniaTeleorman27,416Roșiori de Vede
1%
FranceÎle-de-France46,043Rosny-sous-Bois
1%
GermanyNorth Rhine-Westphalia28,631Rösrath
1%
RussiaVoronezh62,625Rossosh
1%
SpainAndalusia29,282Rota
1%
UkraineLuhansk45,752Rovenky
1%
United KingdomWest Midlands35,791Rowley Regis
1%
ItalyLombardy41,647Rozzano
1%
UkraineLuhansk56,785Rubizhne
1%
PolandPomerania49,230Rumia
1%
United KingdomEast Midlands32,372Rushden
1%
RussiaMordovia44,291Ruzayevka
1%
RomaniaBrașov30,798Săcele
1%
FranceAuvergne-Rhône-Alpes34,979Saint-Chamond
1%
FranceÎle-de-France36,015Sainte-Geneviève-des-Bois
1%
FrancePays de la Loire46,352Saint-Herblain
1%
BelgiumBrussels Capital27,497Saint-Josse-ten-Noode
1%
FranceNouvelle-Aquitaine31,536Saint-Médard-en-Jalles
1%
FranceAuvergne-Rhône-Alpes46,510Saint-Priest
1%
FranceProvence-Alpes-Côte d'Azur35,633Saint-Raphaël
1%
GreeceAttica25,370Salamina
1%
HungaryNógrád33,579Salgótarján
1%
UkraineLviv34,695Sambir
1%
SpainCastile and León30,549San Andrés del Rabanedo
1%
ItalyMarche47,544San Benedetto del Tronto
1%
NorwayVestfold og Telemark64,345Sandefjord
1%
ItalyLombardy32,372San Donato Milanese
1%
SwedenGävleborg25,560Sandviken
1%
ItalyEmilia-Romagna28,157San Giovanni in Persiceto
1%
ItalyVeneto25,003San Giovanni Lupatoto
1%
ItalyApulia26,838San Giovanni Rotondo
1%
ItalyLombardy38,095San Giuliano Milanese
1%
ItalyTuscany30,847San Giuliano Terme
1%
ItalyCampania29,982San Giuseppe Vesuviano
1%
SpainAndalusia69,205Sanlúcar de Barrameda
1%
ItalyTuscany27,693San Miniato
1%
FranceÎle-de-France26,484Sannois
1%
PolandSubcarpathia37,359Sanok
1%
SpainCatalonia27,569Sant Andreu de la Barca
1%
SpainBalearic Islands27,033Sant Antoni de Portmany
1%
SpainCatalonia25,999Santa Perpètua de Mogoda
1%
SpainCatalonia45,467Sant Feliu de Llobregat
1%
SpainBalearic Islands27,732Sant Josep de sa Talaia
1%
SpainCatalonia28,268Sant Vicenç dels Horts
1%
SpainValència58,978San Vicente del Raspeig
1%
RussiaUdmurtia95,355Sarapul
1%
TurkeyTekirdağ27,204Saray
1%
ItalyCampania30,838Sarno
1%
ItalyLombardy38,785Saronno
1%
FranceÎle-de-France29,792Savigny-le-Temple
1%
FranceÎle-de-France36,734Savigny-sur-Orge
1%
ItalyTuscany51,043Scandicci
1%
FranceGrand-Est33,069Schiltigheim
1%
ItalyVeneto38,971Schio
1%
GermanyNorth Rhine-Westphalia26,872Schloß Holte-Stukenbrock
1%
GermanySaxony-Anhalt30,532Schönebeck (Elbe)
1%
GermanyBaden-Württemberg39,775Schorndorf
1%
GermanyBavaria29,130Schwandorf
1%
GermanyBrandenburg29,680Schwedt/Oder
1%
GermanyNorth Rhine-Westphalia28,537Schwelm
1%
ItalySicily39,246Sciacca
1%
United KingdomWest Midlands31,224Sedgley
1%
GermanyLower Saxony34,401Seelze
1%
GermanyLower Saxony41,591Seevetal
1%
RussiaKarelia26,000Segezha
1%
PortugalLisbon29,373Seixal
1%
ItalyMarche44,330Senigallia
1%
RussiaPenza30,939Serdobsk
1%
ItalyPiedmont47,006Settimo Torinese
1%
RussiaMurmansk53,525Severomorsk
1%
FranceÎle-de-France51,225Sevran
1%
FrancePays de la Loire25,330Sèvremoine
1%
UkraineDonetsk48,547Shakhtarsk
1%
RussiaTula57,140Shchyokino
1%
RussiaBelgorod40,870Shebekino
1%
UkraineKhmelnytskyi41,189Shepetivka
1%
United KingdomSouth East England51,116Shoreham-by-Sea
1%
RussiaIvanovo57,039Shuya
1%
PolandŁódz41,953Sieradz
1%
SpainAsturias51,509Siero
1%
RomaniaMaramureș37,640Sighetu Marmației
1%
FranceProvence-Alpes-Côte d'Azur33,665Six-Fours-les-Plages
1%
PolandHoly Cross44,848Skarżysko-Kamienna
1%
United KingdomNorth West England35,120Skelmersdale
1%
RussiaRyazan25,748Skopin
1%
UkraineKhmelnytskyi35,230Slavuta
1%
RomaniaIalomița45,891Slobozia
1%
BelarusGrodno36,300Smarhon
1%
United KingdomWest Midlands53,663Smethwick
1%
UkraineCherkasy66,972Smila
1%
UkraineDonetsk46,092Snizhne
1%
PolandMazovia36,282Sochaczew
1%
BelgiumHainaut28,271Soignies
1%
RussiaVologda36,433Sokol
1%
NorwayRogaland27,457Sola
1%
RussiaOrenburg26,923Sol-Iletsk
1%
RussiaMoscow50,169Solnechnogorsk
1%
ItalyLazio25,618Sora
1%
UkraineLuhansk42,774Sorokine
1%
RussiaKomi26,004Sosnogorsk
1%
RussiaLeningrad67,720Sosnovy Bor
1%
FranceNormandie28,958Sotteville-lès-Rouen
1%
SlovakiaKošice37,007Spišská Nová Ves
1%
GermanyLower Saxony29,013Springe
1%
FranceÎle-de-France38,666Stains
1%
PolandSubcarpathia60,466Stalowa Wola
1%
United KingdomNorth West England27,081Stalybridge
1%
PolandHoly Cross48,395Starachowice
1%
RussiaNovgorod27,739Staraya Russa
1%
PolandPomerania47,671Starogard Gdański
1%
GreeceCentral Macedonia46,008Stavroupoli
1%
GermanySaarland35,427St. Ingbert
1%
United KingdomEast of England32,657St Neots
1%
GermanyBrandenburg26,853Strausberg
1%
United KingdomNorth West England27,574Stretford
1%
North MacedoniaSoutheast37,080Strumica
1%
GermanyLower Saxony33,611Stuhr
1%
FranceÎle-de-France26,974Sucy-en-Brie
1%
GermanyNorth Rhine-Westphalia27,725Sundern (Sauerland)
1%
FranceÎle-de-France48,763Suresnes
1%
DenmarkSyddanmark27,068Svendborg
1%
RussiaStavropol35,356Svetlograd
1%
BelarusGomel65,500Svietlahorsk
1%
UkraineKirovohrad44,466Svitlovodsk
1%
United KingdomEast Midlands49,972Swadlincote
1%
PolandGreater Poland30,201Swarzędz
1%
PolandKuyavia-Pomerania25,634Świecie
1%
PolandWest Pomerania40,888Świnoujście
1%
United KingdomNorth West England25,248Swinton
1%
PolandWest Pomerania40,043Szczecinek
1%
HungaryTolna31,795Szekszárd
1%
HungaryPest26,745Szentendre
1%
HungaryCsongrád26,887Szentes
1%
DenmarkHovetstaden34,364Taastrup
1%
PolandSubcarpathia46,745Tarnobrzeg
1%
GermanyHesse30,050Taunusstein
1%
FranceÎle-de-France26,576Taverny
1%
RomaniaGalați34,871Tecuci
1%
GermanyBrandenburg26,902Teltow
1%
ItalyApulia26,262Terlizzi
1%
ItalySicily25,593Termini Imerese
1%
United KingdomSouth East England26,135Thatcham
1%
FranceÎle-de-France29,806Thiais
1%
United KingdomNorth East England25,628Thornaby-on-Tees
1%
RussiaKrasnodar50,792Timashyovsk
1%
United KingdomWest Midlands45,283Tipton
1%
SpainAndalusia25,455Tomares
1%
BelgiumLimburg31,142Tongeren
1%
GermanyNorth Rhine-Westphalia29,336Tönisvorst
1%
UkraineDonetsk32,027Toretsk
1%
ItalyPiedmont27,411Tortona
1%
RussiaLeningrad36,296Tosno
1%
SpainMurcia32,529Totana
1%
United KingdomSouth East England29,421Totton
1%
FranceOccitanie27,688Tournefeuille
1%
FranceÎle-de-France32,120Trappes
1%
SpainMadrid48,326Tres Cantos
1%
ItalyLombardy30,445Treviglio
1%
BelgiumWalloon Brabant26,656Tubize
1%
SwedenStockholm42,628Tumba
1%
RomaniaCluj47,744Turda
1%
PolandGreater Poland26,833Turek
1%
RussiaBashkortostan68,246Tuymazy
1%
CzechiaZlín25,247Uherské Hradiště
1%
NetherlandsNorth Holland25,950Uithoorn
1%
NorwayViken40,459Ullensaker
1%
MoldovaMoldova30,804Ungheni
1%
GermanyBavaria28,950Unterschleißheim
1%
United KingdomNorth West England42,114Urmston
1%
SwitzerlandZürich35,007Uster
1%
RussiaKrasnodar39,456Ust'-Labinsk
1%
TurkeyEdirne39,753Uzunköprü
1%
GermanyBaden-Württemberg29,547Vaihingen an der Enz
1%
SpainCastile-la Mancha30,252Valdepeñas
1%
FranceProvence-Alpes-Côte d'Azur27,072Vallauris
1%
FranceGrand-Est30,009Vandoeuvre-lès-Nancy
1%
UkraineRivne42,246Varash
1%
ItalyAbruzzo40,489Vasto
1%
UkraineKiev37,507Vasylkiv
1%
FranceAuvergne-Rhône-Alpes50,823Vaulx-en-Velin
1%
BelarusGrodno42,600Vawkavysk
1%
North MacedoniaVardar43,000Veles
1%
ItalyLazio52,937Velletri
1%
GreeceCentral Macedonia43,158Veria
1%
SwitzerlandGeneva34,958Vernier
1%
FrancePays de la Loire25,045Vertou
1%
SpainAndalusia26,899Vícar
1%
GermanyHesse34,315Viernheim
1%
FranceÎle-de-France31,463Vigneux-sur-Seine
1%
SpainCatalonia40,154Vilafranca del Penedès
1%
BelarusMinsk27,400Vileyka
1%
SpainValència35,199Villajoyosa
1%
SpainExtremadura25,752Villanueva de la Serena
1%
SpainMadrid28,148Villaviciosa de Odón
1%
FranceÎle-de-France30,005Villemomble
1%
SpainValència34,155Villena
1%
FranceNouvelle-Aquitaine35,278Villenave-d'Ornon
1%
FranceÎle-de-France26,471Villeparisis
1%
ItalyLombardy25,959Vimercate
1%
SpainValència28,833Vinaròs
1%
FranceProvence-Alpes-Côte d'Azur33,101Vitrolles
1%
ItalyVeneto27,789Vittorio Veneto
1%
ItalyLombardy39,006Voghera
1%
UkraineVolhynia38,340Volodymyr-Volynskyi
1%
RomaniaIlfov42,944Voluntari
1%
RussiaMoscow92,911Voskresensk
1%
RussiaUdmurtia97,244Votkinsk
1%
UkraineMykolaiv34,404Voznesensk
1%
SerbiaSouth Banat36,040Vršac
1%
RussiaLeningrad74,724Vsevolozhsk
1%
KosovoMitrovica27,272Vushtrri
1%
RussiaNizhny Novgorod53,010Vyksa
1%
UkraineTranscarpathia25,395Vynohradiv
1%
UkraineKiev30,997Vyshhorod
1%
NetherlandsSouth Holland26,255Waddinxveen
1%
PolandGreater Poland25,686Wągrowiec
1%
PolandWest Pomerania25,179Wałcz
1%
GermanyBaden-Württemberg26,917Wangen im Allgäu
1%
BelgiumBrussels Capital25,332Watermael-Boitsfort
1%
United KingdomYorkshire and the Humber36,318Wath-upon-Dearne
1%
FranceHauts-de-France40,885Wattrelos
1%
GermanySchleswig-Holstein33,708Wedel
1%
GermanyLower Saxony29,582Wedemark
1%
United KingdomWest Midlands25,374Wednesfield
1%
GermanyNorth Rhine-Westphalia28,169Wegberg
1%
GermanyBaden-Württemberg25,155Weingarten
1%
GermanyBaden-Württemberg27,082Weinstadt
1%
GermanySaxony-Anhalt40,192Weißenfels
1%
GermanyHesse26,052Weiterstadt
1%
GermanyNorth Rhine-Westphalia29,717Werne
1%
United KingdomEast Midlands48,856West Bridgford
1%
BelgiumAntwerp25,119Westerlo
1%
BelgiumWest Flanders31,579Wevelgem
1%
United KingdomSouth East England30,305Weybridge
1%
GermanyLower Saxony30,816Weyhe
1%
United KingdomNorth East England37,277Whitley Bay
1%
United KingdomSouth East England33,236Whitstable
1%
United KingdomEast of England34,857Wickford
1%
GermanyNorth Rhine-Westphalia25,161Wiehl
1%
GermanyBaden-Württemberg26,799Wiesloch
1%
United KingdomWest Midlands53,334Willenhall
1%
GermanyBaden-Württemberg28,240Winnenden
1%
GermanyLower Saxony35,227Winsen (Luhe)
1%
United KingdomNorth West England31,434Winsford
1%
United KingdomEast of England34,655Wisbech
1%
United KingdomEast of England26,951Witham
1%
United KingdomSouth East England30,518Witney
1%
PolandSilesia47,813Wodzisław Śląski
1%
PolandMazovia37,056Wołomin
1%
United KingdomEast Midlands43,613Worksop
1%
PolandGreater Poland30,922Września
1%
GermanyLower Saxony41,477Wunstorf
1%
GermanyNorth Rhine-Westphalia38,756Würselen
1%
PolandMazovia26,997Wyszków
1%
SpainValència30,197Xirivella
1%
RussiaSmolensk42,677Yartsevo
1%
UkraineDonetsk34,394Yasynuvata
1%
United KingdomSouth West England30,397Yate
1%
SpainMurcia34,834Yecla
1%
RussiaMoscow72,763Yegoryevsk
1%
FranceÎle-de-France29,338Yerres
1%
FinlandPirkanmaa33,254Ylöjärvi
1%
UkraineOdessa32,724Yuzhne
1%
UkraineMykolaiv39,404Yuzhnoukrainsk
1%
PolandMazovia37,818Ząbki
1%
RussiaTatarstan39,631Zainsk
1%
RussiaPenza65,502Zarechny
1%
PolandLublin37,304Żary
1%
PolandSilesia49,204Zawiercie
1%
PolandŁódz41,686Zduńska Wola
1%
RussiaTatarstan100,039Zelenodolsk
1%
RussiaSamara51,641Zhigulyovsk
1%
BelarusGomel77,600Zhlobin
1%
BelarusMinsk64,900Zhodzina
1%
UkraineDnipropetrovsk43,591Zhovti Vody
1%
GermanyBavaria25,588Zirndorf
1%
GreeceAttica71,026Zografou
1%
UkraineCherkasy27,664Zolotonosha
1%
PolandSilesia62,472Żory
1%
BelgiumEast Flanders26,686Zottegem
1%
PolandMazovia39,828Żyrardów
1%
BelgiumEast Flanders29,182Aalter
0%
RussiaKrasnodar39,058Abinsk
0%
SpainAndalusia25,412Adra
0%
ItalySicily34,007Adrano
0%
GreeceAttica71,294Ágios Dimítrios
0%
RussiaRostov46,018Aksay
0%
ItalyLazio27,651Alatri
0%
ItalySicily45,025Alcamo
0%
SpainValència32,204Aldaia
0%
RussiaBelgorod37,811Alexeyevka
0%
SpainValència27,430Algemesí
0%
SpainValència26,742Almassora
0%
NorwayVestland29,337Alver
0%
PortugalLisbon30,586Alverca do Ribatejo
0%
GreeceCentral Macedonia37,381Ampelókipoi
0%
ItalyCampania33,902Angri
0%
RussiaMoscow30,669Aprelevka
0%
GreeceAttica34,097Argyroupoli
0%
ItalyCampania33,756Arzano
0%
ItalyVeneto25,322Arzignano
0%
ItalySardinia26,194Assemini
0%
ItalySicily30,667Avola
0%
Russia / UkraineCrimea26,680Bakhchysarai
0%
RussiaKabardino-Balkaria38,474Baksan
0%
RussiaKaluga25,574Balabanovo
0%
RussiaNizhny Novgorod48,520Balakhna
0%
SpainCatalonia33,334Barberà del Vallès
0%
ItalySicily40,499Barcellona Pozzo di Gotto
0%
BelgiumFlemish Brabant25,343Beersel
0%
RussiaRostov39,293Belaya Kalitva
0%
ItalySicily27,390Belpasso
0%
United KingdomYorkshire and the Humber27,297Bentley
0%
NorwayVestland25,049Bjørnafjorden
0%
RussiaStavropol30,399Blagodarny
0%
RussiaTula30,433Bogoroditsk
0%
RussiaNizhny Novgorod33,756Bogorodsk
0%
ItalyLombardy36,187Bollate
0%
SerbiaBelgrade46,086Borča
0%
RussiaNovgorod49,012Borovichi
0%
SpainValència35,052Borriana
0%
ItalyCampania27,205Boscoreale
0%
UkraineKiev35,376Boyarka
0%
BelgiumAntwerp29,454Brecht
0%
United KingdomWest Midlands32,149Brierley Hill
0%
ItalyLombardy34,908Brugherio
0%
ItalyLombardy26,817Buccinasco
0%
ItalyTuscany31,543Camaiore
0%
RomaniaPrahova32,935Câmpina
0%
ItalyTuscany45,497Capannori
0%
SpainGalicia31,429Carballo
0%
ItalySicily38,333Carini
0%
ItalyCampania47,716Casalnuovo di Napoli
0%
ItalyTuscany44,765Cascina
0%
ItalySicily30,540Castelvetrano
0%
ItalyTuscany27,892Cecina
0%
ItalyLazio37,244Cerveteri
0%
ItalyLombardy38,060Cesano Maderno
0%
GreeceAttica45,642Chaidari
0%
RussiaSamara71,720Chapayevsk
0%
RussiaPerm33,127Chernushka
0%
ItalyPiedmont26,730Chivasso
0%
GreeceAttica30,840Cholargós
0%
UkraineTernopil28,686Chortkiv
0%
RussiaPerm43,737Chusovoy
0%
ItalyLazio35,700Cisterna di Latina
0%
ItalySicily30,509Comiso
0%
ItalyApulia25,883Conversano
0%
ItalyApulia47,550Corato
0%
ItalyEmilia-Romagna25,292Correggio
0%
ItalyLombardy33,669Corsico
0%
BelgiumHainaut31,197Courcelles
0%
PortugalCentro34,481Covilhã
0%
SpainValència29,536Crevillent
0%
RussiaMoscow30,500Dedovsk
0%
ItalyLombardy41,748Desio
0%
BelgiumFlemish Brabant43,423Dilbeek
0%
RussiaKrasnodar39,080Dinskaya
0%
UkraineDonetsk29,129Dobropillia
0%
RussiaPerm32,072Dobryanka
0%
NorwayViken26,031Eidsvoll
0%
SpainValència28,930El Campello
0%
RussiaKrasnodar25,280Elizavetinskaya
0%
ItalySicily26,607Erice
0%
PortugalNorte38,869Ermesinde
0%
BelgiumEast Flanders35,628Evergem
0%
GreeceCentral Macedonia74,686Evosmos
0%
ItalyMarche30,328Fabriano
0%
NorwayVestfold og Telemark26,957Færder
0%
ItalyApulia39,025Fasano
0%
ItalySicily31,664Favara
0%
United KingdomSouth West England27,647Ferndown
0%
RomaniaIalomița30,217Fetești
0%
BelgiumLiège26,389Flémalle
0%
ItalyLazio38,840Fondi
0%
ItalyEmilia-Romagna34,366Formigine
0%
ItalyAbruzzo25,109Francavilla al Mare
0%
ItalyApulia35,497Francavilla Fontana
0%
ItalyCampania28,735Frattamaggiore
0%
United KingdomNorth West England35,917Fulwood
0%
RussiaIvanovo33,181Furmanov
0%
ItalyApulia26,201Galatina
0%
GreeceAttica59,345Galatsi
0%
ItalyLombardy27,080Garbagnate Milanese
0%
GreeceAttica29,939Gérakas
0%
ItalyLombardy26,013Giussano
0%
PortugalNorte27,047Gondomar
0%
RussiaNizhny Novgorod29,712Gorodets
0%
RussiaStavropol36,102Goryachevodsky
0%
RussiaKrasnodar40,299Goryachy Klyuch
0%
ItalyCampania28,542Gragnano
0%
ItalySicily25,419Gravina di Catania
0%
ItalyApulia42,919Gravina in Puglia
0%
United KingdomWest Midlands38,204Great Malvern
0%
BelgiumFlemish Brabant37,972Grimbergen
0%
ItalyPiedmont36,928Grugliasco
0%
RussiaLipetsk46,683Gryazi
0%
RussiaChechnya55,863Gudermes
0%
RussiaRostov63,150Gukovo
0%
RussiaKrasnodar34,272Gulkevichi
0%
UkraineVinnytsia25,818Haisyn
0%
HungaryHajdú-Bihar30,267Hajdúböszörmény
0%
United KingdomEast Midlands27,092Heanor
0%
NorwayVestfold og Telemark25,011Holmestrand
0%
NetherlandsGroningen29,165Hoogezand-Sappemeer
0%
United KingdomSouth East England26,466Horley
0%
NorwayVestfold og Telemark27,510Horten
0%
SpainCastile-la Mancha29,558Illescas
0%
RussiaKrasnodar26,359Ilsky
0%
RussiaStavropol29,007Inozemtsevo
0%
RussiaMoscow81,254Ivanteyevka
0%
RussiaStavropol37,841Izobilny
0%
PolandGreater Poland26,106Jarocin
0%
SpainMurcia25,994Jumilla
0%
GreeceAttica26,370Kaisarianí
0%
GreeceAttica41,720Kalamaki
0%
SerbiaBelgrade26,904Kaluđerica
0%
GreeceAttica28,361Kamatero
0%
RussiaPenza34,577Kamenka
0%
RussiaKrasnodar44,080Kanevskaya
0%
BelgiumAntwerp26,981Kapellen
0%
RussiaIngushetia42,724Karabulak
0%
NorwayRogaland42,345Karmøy
0%
North MacedoniaVardar29,200Kavadarci
0%
UkraineVinnytsia27,398Khmilnyk
0%
UkraineDonetsk27,503Khrestivka
0%
North MacedoniaSouthwest27,080Kičevo
0%
RussiaTula25,563Kimovsk
0%
RussiaTver43,216Kimry
0%
RussiaSamara35,753Kinel
0%
RussiaTula26,341Kireyevsk
0%
RussiaLeningrad50,525Kirishi
0%
RussiaVladimir26,703Kirzhach
0%
TurkeyTekirdağ40,433Kızılpınar
0%
RussiaDagestan37,752Kizilyurt
0%
North MacedoniaEast27,940Kočani
0%
RussiaStavropol25,043Kochubeyevskoye
0%
RussiaIvanovo30,161Kokhma
0%
RussiaVladimir41,953Kolchugino
0%
RussiaTver36,460Konakovo
0%
RussiaKrasnodar42,418Korenovsk
0%
RussiaArkhangelsk35,714Koryazhma
0%
GreeceAttica63,445Korydallós
0%
UkraineRivne31,215Kostopil
0%
RussiaTambov28,955Kotovsk
0%
RussiaMoscow26,300Krasnoarmeysk
0%
PolandGreater Poland28,804Krotoszyn
0%
RussiaKrasnodar57,927Krymsk
0%
RussiaNizhny Novgorod31,794Kulebaki
0%
RussiaChechnya26,581Kurchaloy
0%
RussiaKrasnodar48,194Kurganinsk
0%
RussiaKrasnodar28,120Kushchyovskaya
0%
ItalyLazio39,584Ladispoli
0%
ItalyLombardy25,713Lainate
0%
SpainAndalusia39,062La Rinconada
0%
SpainAndalusia27,578Lebrija
0%
RussiaKrasnodar36,300Leningradskaya
0%
BelgiumEast Flanders26,310Lievegem
0%
RussiaMoscow28,818Likino-Dulyovo
0%
ItalyLombardy34,319Limbiate
0%
ItalyLombardy46,034Lissone
0%
SpainBalearic Islands37,752Llucmajor
0%
United KingdomNorth East England38,778Longbenton
0%
NorwayViken42,740Lørenskog
0%
RussiaMoscow25,404Losino-Petrovsky
0%
SpainAndalusia42,733Lucena
0%
ItalyApulia32,194Lucera
0%
RussiaPerm60,310Lysva
0%
RussiaKaluga37,252Lyudinovo
0%
ItalyCampania37,910Maddaloni
0%
RussiaIngushetia38,649Malgobek
0%
TurkeyTekirdağ30,109Malkara
0%
ItalyCampania38,948Marcianise
0%
UkraineDnipropetrovsk46,097Marhanets
0%
ItalyCampania28,939Marigliano
0%
ItalySicily30,713Mascalucia
0%
ItalyApulia32,063Massafra
0%
RussiaKabardino-Balkaria26,652Maysky
0%
SpainMurcia32,839Mazarrón
0%
RussiaBashkortostan56,677Meleuz
0%
ItalyApulia25,878Mesagne
0%
SwitzerlandGeneva25,745Meyrin
0%
ItalyVeneto27,440Mirano
0%
RussiaArkhangelsk32,894Mirny
0%
ItalySicily28,658Misilmeri
0%
ItalyApulia37,556Modugno
0%
UkraineVinnytsia30,389Mohyliv-Podilskyi
0%
RussiaMurmansk41,145Monchegorsk
0%
ItalyCampania29,076Mondragone
0%
ItalyVeneto31,551Montebelluna
0%
ItalyLazio40,898Monterotondo
0%
RussiaTambov37,955Morshansk
0%
RussiaKrasnodar25,062Mostovskoy
0%
RussiaNorth Ossetia-Alania42,039Mozdok
0%
ItalyCampania34,805Mugnano di Napoli
0%
SpainValència25,645Mutxamel
0%
RussiaMoscow46,487Nakhabino
0%
SpainGalicia39,056Narón
0%
RussiaKabardino-Balkaria30,634Nartkala
0%
GreeceCentral Macedonia27,084Neapoli
0%
UkraineKhmelnytskyi36,746Netishyn
0%
NetherlandsNorth Holland30,540Nieuw-Vennep
0%
ItalySicily25,853Niscemi
0%
ItalyCampania44,969Nocera Inferiore
0%
ItalyApulia26,037Noicattaro
0%
RussiaVoronezh35,130Novaya Usman
0%
ItalyPiedmont28,200Novi Ligure
0%
RussiaStavropol26,518Novoalexandrovsk
0%
RussiaKrasnodar35,199Novokubansk
0%
RussiaStavropol26,062Novopavlovsk
0%
RussiaKrasnodar27,890Novotitarovskaja
0%
UkraineLviv28,304Novyi Rozdil
0%
SerbiaBelgrade25,429Obrenovac
0%
ItalyCampania27,555Orta di Atella
0%
ItalyMarche34,847Osimo
0%
RussiaVoronezh31,829Ostrogozhsk
0%
RussiaLeningrad25,796Otradnoye
0%
RussiaSamara47,067Otradny
0%
BelgiumLiège25,444Oupeye
0%
ItalyCampania35,129Pagani
0%
SpainValència26,514Paiporta
0%
RomaniaIlfov25,596Pantelimon
0%
ItalyLombardy28,117Parabiago
0%
ItalySicily30,917Partinico
0%
RomaniaIași33,745Pașcani
0%
ItalySicily46,202Paternò
0%
RussiaNizhny Novgorod56,680Pavlovo
0%
RussiaKrasnodar28,470Pavlovskaya
0%
RussiaMoscow63,568Pavlovsky Posad
0%
BelgiumLimburg33,076Pelt
0%
GreeceAttica25,389Pérama
0%
UkraineLuhansk25,044Perevalsk
0%
UkraineDnipropetrovsk27,892Pershotravensk
0%
SpainCantabria25,731Piélagos
0%
SlovakiaTrnava27,336Piešťany
0%
ItalyLombardy36,437Pioltello
0%
GermanyNorth Rhine-Westphalia25,237Plettenberg
0%
RussiaSamara27,895Pokhvistnevo
0%
GreeceCentral Macedonia39,332Políchni
0%
RussiaKrasnodar26,365Poltavskaya
0%
ItalyCampania40,094Pomigliano d'Arco
0%
ItalyCampania26,002Pontecagnano Faiano
0%
ItalyTuscany29,187Pontedera
0%
RussiaSaratov33,519Privolzhsky
0%
RussiaKabardino-Balkaria58,226Prokhladny
0%
RussiaMoscow35,367Protvino
0%
ItalyApulia26,056Putignano
0%
BelgiumAntwerp26,142Puurs-Sint-Amands
0%
GreeceCentral Macedonia34,625Pylaía
0%
ItalyCampania25,218Qualiano
0%
ItalyTuscany26,566Quarrata
0%
RussiaTambov42,679Rasskazovo
0%
SpainGalicia26,848Ribeira
0%
NorwayInnlandet34,897Ringsaker
0%
SpainCatalonia39,179Ripollet
0%
United KingdomNorth West England35,329Romiley
0%
ItalyAbruzzo25,582Roseto degli Abruzzi
0%
ItalyTuscany30,273Rosignano Marittimo
0%
RussiaSmolensk48,909Roslavl
0%
RussiaSaratov38,364Rtishchevo
0%
SlovakiaŽilina26,558Ružomberok
0%
RussiaSmolensk41,138Safonovo
0%
BelgiumNamur28,372Sambreville
0%
ItalyCampania43,800San Giorgio a Cremano
0%
SpainMurcia33,129San Javier
0%
ItalyEmilia-Romagna32,673San Lazzaro di Savena
0%
SpainBalearic Islands39,358Santa Eulària des Riu
0%
ItalyCampania26,801Sant'Anastasia
0%
ItalyCampania33,340Sant'Antimo
0%
ItalyApulia25,926Santeramo in Colle
0%
SpainCatalonia34,267Sant Joan Despí
0%
UkraineRivne29,066Sarny
0%
ItalyCampania49,236Scafati
0%
ItalyEmilia-Romagna25,856Scandiano
0%
BelgiumAntwerp34,316Schoten
0%
ItalySicily26,958Scicli
0%
ItalyLombardy35,597Segrate
0%
ItalySardinia28,737Selargius
0%
RussiaVoronezh27,036Semiluki
0%
PortugalNorte27,747Senhora da Hora
0%
ItalyLombardy45,130Seregno
0%
RussiaLeningrad56,620Sertolovo
0%
SpainCastile-la Mancha27,066Seseña
0%
RussiaKrasnodar26,820Severskaya
0%
RussiaMoscow32,019Shatura
0%
RussiaChuvashia28,356Shumerlya
0%
RussiaBashkortostan60,780Sibay
0%
RussiaLeningrad32,169Slantsy
0%
RussiaKirov31,890Slobodskoy
0%
ItalyCampania34,267Somma Vesuviana
0%
RussiaOrenburg27,088Sorochinsk
0%
ItalyVeneto27,619Spinea
0%
UkraineKhmelnytskyi34,455Starokostiantyniv
0%
RussiaKrasnodar29,650Starominskaya
0%
United KingdomSouth East England25,239Stubbington
0%
RussiaIngushetia66,344Sunzha
0%
GreeceCentral Macedonia37,753Sykies
0%
UkraineDnipropetrovsk30,321Synelnykove
0%
HungaryPest39,310Szigetszentmiklós
0%
RussiaKrasnodar25,400Tbilisskaya
0%
RussiaKrasnodar41,413Temryuk
0%
BelgiumEast Flanders30,196Temse
0%
ItalyMolise33,189Termoli
0%
UkraineDnipropetrovsk27,635Ternivka
0%
ItalyLazio43,378Terracina
0%
RussiaIvanovo31,801Teykovo
0%
RussiaMoscow29,839Tomilino
0%
RussiaTver44,439Torzhok
0%
ItalyApulia26,509Triggiano
0%
UkraineLviv28,647Truskavets
0%
RussiaYaroslavl39,837Tutayev
0%
RussiaBashkortostan37,898Uchaly
0%
RussiaTver27,186Udomlya
0%
RussiaYaroslavl31,758Uglich
0%
RussiaVolgograd36,704Uryupinsk
0%
RussiaKomi37,155Usinsk
0%
RussiaKarachay-Cherkessia30,559Ust-Dzheguta
0%
RussiaTula49,655Uzlovaya
0%
ItalyVeneto25,563Valdagno
0%
SwedenStockholm33,331Vallentuna
0%
ItalyEmilia-Romagna31,737Valsamoggia
0%
RussiaBelgorod34,159Valuyki
0%
RussiaVologda31,019Veliky Ustug
0%
ItalyPiedmont33,134Venaria Reale
0%
RussiaIvanovo33,292Vichuga
0%
ItalyEmilia-Romagna25,549Vignola
0%
SpainGalicia37,565Vilagarcía de Arousa
0%
ItalyCampania30,792Villaricca
0%
SpainCastile-la Mancha25,116Villarrobledo
0%
RussiaMoscow26,907Vlasicha
0%
GreeceAttica28,364Voúla
0%
GreeceAttica30,741Vrilíssia
0%
RussiaKirov31,873Vyatskiye Polyany
0%
RussiaVladimir34,521Vyazniki
0%
GreeceAttica61,308Výron
0%
UkraineKiev41,820Vyshneve
0%
RussiaTver45,481Vyshny Volochyok
0%
United KingdomNorth East England45,441Wallsend
0%
BelgiumEast Flanders26,021Wetteren
0%
BelgiumAntwerp26,826Willebroek
0%
United KingdomYorkshire and the Humber25,803Wombwell
0%
United KingdomSouth East England38,506Woodley
0%
RussiaAdygea38,793Yablonovsky
0%
RussiaBashkortostan25,109Yanaul
0%
GreeceCentral Macedonia29,789Yannitsa
0%
RussiaTula34,439Yefremov
0%
RussiaNizhny Novgorod37,588Zavolzhye
0%
RussiaStavropol34,113Zelenokumsk
0%
UkraineVinnytsia34,353Zhmerynka
0%
RussiaAstrakhan26,701Znamensk
0%
PolandSilesia31,091Żywiec
0%

Score Distribution

Percentile by Number Answered

Percent of People with Each Score

Your Score History

You have not taken this quiz since the last reset